{"text_format":"3","workbook":"xlsx","n_sheets":1,"sheets":["grid"],"read":"whole","date_system":"1900"}

{"sheet":"grid","index":0,"n_rows":370,"n_cols":16,"rows_kept":370,"merged":[[0,0,0,15],[1,0,1,15],[2,0,3,5],[2,6,3,8],[2,9,3,10],[2,11,3,12],[2,13,3,15]]}
["Отчет по материальным запасам с 01.11.2022 по 01.11.2022"]
["Муниципальное бюджетное общеобразовательное учреждение \"Средняя общеобразовательная школа N 3 города Азнакаево\" Азнакаевского муниципального района Республики Татарстан"]
[{"$nulls":6},"Остаток на начало",null,null,"Оборот Дебет",null,"Оборот Кредит",null,"Остаток на конец"]
[]
["Группировка","Счет","Наименование МЗ","КБК","КФО","Ед. измерения","Цена (средняя)","Количество","Сумма","Количество","Сумма","Количество","Сумма","Цена (средняя)","Количество","Сумма"]
[" МОЛ:(2)",{"$nulls":6},{"v":168.3,"d":"168.3000"},1048838.09,{"v":0,"d":"0.0000"},{"v":0,"d":"0.00"},{"v":0,"d":"0.0000"},{"v":0,"d":"0.00"},null,{"v":168.3,"d":"168.3000"},1048838.09]
["Азацкая З Ф (1)",{"$nulls":6},{"v":1,"d":"1.0000"},{"v":20188,"d":"20188.00"},{"v":0,"d":"0.0000"},{"v":0,"d":"0.00"},{"v":0,"d":"0.0000"},{"v":0,"d":"0.00"},null,{"v":1,"d":"1.0000"},{"v":20188,"d":"20188.00"}]
["Афзалова Альбина Рузалитовна (332)",{"$nulls":6},{"v":1145279,"d":"1145279.0000"},5908940.21,{"v":0,"d":"0.0000"},{"v":0,"d":"0.00"},{"v":0,"d":"0.0000"},{"v":0,"d":"0.00"},null,{"v":1145279,"d":"1145279.0000"},5908940.21]
[null,"10311",null,"07010210342000244","4",null,{"v":0,"d":"0.00"},{"v":0,"d":"0.0000"},5504306.64,{"v":0,"d":"0.0000"},{"v":0,"d":"0.00"},{"v":0,"d":"0.0000"},{"v":0,"d":"0.00"},{"v":0,"d":"0.00"},{"v":0,"d":"0.0000"},5504306.64]
[null,"10536","110 отвод 45","07010210342000244","4","шт",{"v":82,"d":"82.00"},{"v":2,"d":"2.0000"},{"v":164,"d":"164.00"},{"v":0,"d":"0.0000"},{"v":0,"d":"0.00"},{"v":0,"d":"0.0000"},{"v":0,"d":"0.00"},{"v":82,"d":"82.00"},{"v":2,"d":"2.0000"},{"v":164,"d":"164.00"}]
[null,"10536","110 отвод 90","07010210342000244","4","шт",{"v":86,"d":"86.00"},{"v":6,"d":"6.0000"},{"v":516,"d":"516.00"},{"v":0,"d":"0.0000"},{"v":0,"d":"0.00"},{"v":0,"d":"0.0000"},{"v":0,"d":"0.00"},{"v":86,"d":"86.00"},{"v":6,"d":"6.0000"},{"v":516,"d":"516.00"}]
[null,"10536","50 отвод угол 45","07010210342000244","4","шт",{"v":29,"d":"29.00"},{"v":2,"d":"2.0000"},{"v":58,"d":"58.00"},{"v":0,"d":"0.0000"},{"v":0,"d":"0.00"},{"v":0,"d":"0.0000"},{"v":0,"d":"0.00"},{"v":29,"d":"29.00"},{"v":2,"d":"2.0000"},{"v":58,"d":"58.00"}]
[null,"10536","50 отвод угол 87","07010210342000244","4","шт",{"v":27,"d":"27.00"},{"v":4,"d":"4.0000"},{"v":108,"d":"108.00"},{"v":0,"d":"0.0000"},{"v":0,"d":"0.00"},{"v":0,"d":"0.0000"},{"v":0,"d":"0.00"},{"v":27,"d":"27.00"},{"v":4,"d":"4.0000"},{"v":108,"d":"108.00"}]
[null,"10536","50 тройник на 50угол","07010210342000244","4","шт",{"v":75.5,"d":"75.50"},{"v":2,"d":"2.0000"},{"v":151,"d":"151.00"},{"v":0,"d":"0.0000"},{"v":0,"d":"0.00"},{"v":0,"d":"0.0000"},{"v":0,"d":"0.00"},{"v":75.5,"d":"75.50"},{"v":2,"d":"2.0000"},{"v":151,"d":"151.00"}]
[null,"10536","DVD диск -Фиксики- на тат.языке","07010210342000244","4","шт",{"v":800,"d":"800.00"},{"v":1,"d":"1.0000"},{"v":800,"d":"800.00"},{"v":0,"d":"0.0000"},{"v":0,"d":"0.00"},{"v":0,"d":"0.0000"},{"v":0,"d":"0.00"},{"v":800,"d":"800.00"},{"v":1,"d":"1.0000"},{"v":800,"d":"800.00"}]
[null,"10536","Автомобиль-самосвал","07010210342000244","4","шт",{"v":783,"d":"783.00"},{"v":6,"d":"6.0000"},{"v":4698,"d":"4698.00"},{"v":0,"d":"0.0000"},{"v":0,"d":"0.00"},{"v":0,"d":"0.0000"},{"v":0,"d":"0.00"},{"v":783,"d":"783.00"},{"v":6,"d":"6.0000"},{"v":4698,"d":"4698.00"}]
[null,"10536","Бак","07010210342000244","4","шт",133.33,{"v":6,"d":"6.0000"},{"v":800,"d":"800.00"},{"v":0,"d":"0.0000"},{"v":0,"d":"0.00"},{"v":0,"d":"0.0000"},{"v":0,"d":"0.00"},133.33,{"v":6,"d":"6.0000"},{"v":800,"d":"800.00"}]
[null,"10536","Бак 18 л","07010210342000244","4","шт",{"v":731,"d":"731.00"},{"v":1,"d":"1.0000"},{"v":731,"d":"731.00"},{"v":0,"d":"0.0000"},{"v":0,"d":"0.00"},{"v":0,"d":"0.0000"},{"v":0,"d":"0.00"},{"v":731,"d":"731.00"},{"v":1,"d":"1.0000"},{"v":731,"d":"731.00"}]
[null,"021","Баскетбольная стойка","07010210342000244","4","шт",{"v":25,"d":"25.00"},{"v":1,"d":"1.0000"},{"v":25,"d":"25.00"},{"v":0,"d":"0.0000"},{"v":0,"d":"0.00"},{"v":0,"d":"0.0000"},{"v":0,"d":"0.00"},{"v":25,"d":"25.00"},{"v":1,"d":"1.0000"},{"v":25,"d":"25.00"}]
[null,"10536","бикрост ХКП серый 1*10м с гранулятом ","07010210342000244","4","шт",{"v":1605,"d":"1605.00"},{"v":5,"d":"5.0000"},{"v":8025,"d":"8025.00"},{"v":0,"d":"0.0000"},{"v":0,"d":"0.00"},{"v":0,"d":"0.0000"},{"v":0,"d":"0.00"},{"v":1605,"d":"1605.00"},{"v":5,"d":"5.0000"},{"v":8025,"d":"8025.00"}]
[null,"10536","Бокалы","07010210342000244","4","шт",51.23,{"v":85,"d":"85.0000"},4354.42,{"v":0,"d":"0.0000"},{"v":0,"d":"0.00"},{"v":0,"d":"0.0000"},{"v":0,"d":"0.00"},51.23,{"v":85,"d":"85.0000"},4354.42]
[null,"10536","Бокалы","070102103S0050244","4","шт",{"v":65,"d":"65.00"},{"v":50,"d":"50.0000"},{"v":3250,"d":"3250.00"},{"v":0,"d":"0.0000"},{"v":0,"d":"0.00"},{"v":0,"d":"0.0000"},{"v":0,"d":"0.00"},{"v":65,"d":"65.00"},{"v":50,"d":"50.0000"},{"v":3250,"d":"3250.00"}]
[null,"021","ведро","07010210342000244","4","шт",78.51,{"v":17,"d":"17.0000"},1334.68,{"v":0,"d":"0.0000"},{"v":0,"d":"0.00"},{"v":0,"d":"0.0000"},{"v":0,"d":"0.00"},78.51,{"v":17,"d":"17.0000"},1334.68]
[null,"10536","Ведро 10л пластмассовое","070102103S0050244","4","шт",{"v":125,"d":"125.00"},{"v":5,"d":"5.0000"},{"v":625,"d":"625.00"},{"v":0,"d":"0.0000"},{"v":0,"d":"0.00"},{"v":0,"d":"0.0000"},{"v":0,"d":"0.00"},{"v":125,"d":"125.00"},{"v":5,"d":"5.0000"},{"v":625,"d":"625.00"}]
[null,"10536","Ведро для мусора","07010210342000244","4","шт",{"v":130,"d":"130.00"},{"v":1,"d":"1.0000"},{"v":130,"d":"130.00"},{"v":0,"d":"0.0000"},{"v":0,"d":"0.00"},{"v":0,"d":"0.0000"},{"v":0,"d":"0.00"},{"v":130,"d":"130.00"},{"v":1,"d":"1.0000"},{"v":130,"d":"130.00"}]
[null,"10536","Ведро капр.","07010210342000244","4","шт",{"v":90,"d":"90.00"},{"v":10,"d":"10.0000"},{"v":900,"d":"900.00"},{"v":0,"d":"0.0000"},{"v":0,"d":"0.00"},{"v":0,"d":"0.0000"},{"v":0,"d":"0.00"},{"v":90,"d":"90.00"},{"v":10,"d":"10.0000"},{"v":900,"d":"900.00"}]
[null,"10536","Ведро капроновое","07010210342000244","2","шт",{"v":80,"d":"80.00"},{"v":1,"d":"1.0000"},{"v":80,"d":"80.00"},{"v":0,"d":"0.0000"},{"v":0,"d":"0.00"},{"v":0,"d":"0.0000"},{"v":0,"d":"0.00"},{"v":80,"d":"80.00"},{"v":1,"d":"1.0000"},{"v":80,"d":"80.00"}]
[null,"10536","Ведро оцинк. 9 л","07010210342000244","4","шт",{"v":101,"d":"101.00"},{"v":1,"d":"1.0000"},{"v":101,"d":"101.00"},{"v":0,"d":"0.0000"},{"v":0,"d":"0.00"},{"v":0,"d":"0.0000"},{"v":0,"d":"0.00"},{"v":101,"d":"101.00"},{"v":1,"d":"1.0000"},{"v":101,"d":"101.00"}]
[null,"10536","Ведро оцинкованное","07010210342000244","2","шт",{"v":120,"d":"120.00"},{"v":2,"d":"2.0000"},{"v":240,"d":"240.00"},{"v":0,"d":"0.0000"},{"v":0,"d":"0.00"},{"v":0,"d":"0.0000"},{"v":0,"d":"0.00"},{"v":120,"d":"120.00"},{"v":2,"d":"2.0000"},{"v":240,"d":"240.00"}]
[null,"10534","Ведро п/э с крыш","07010210342000244","4","шт",{"v":88,"d":"88.00"},{"v":1,"d":"1.0000"},{"v":88,"d":"88.00"},{"v":0,"d":"0.0000"},{"v":0,"d":"0.00"},{"v":0,"d":"0.0000"},{"v":0,"d":"0.00"},{"v":88,"d":"88.00"},{"v":1,"d":"1.0000"},{"v":88,"d":"88.00"}]
[null,"10536","Ведро с крышкой","07010210342000244","4","шт",{"v":600,"d":"600.00"},{"v":1,"d":"1.0000"},{"v":600,"d":"600.00"},{"v":0,"d":"0.0000"},{"v":0,"d":"0.00"},{"v":0,"d":"0.0000"},{"v":0,"d":"0.00"},{"v":600,"d":"600.00"},{"v":1,"d":"1.0000"},{"v":600,"d":"600.00"}]
[null,"10531","Ведро эмал","07010210342000244","2","шт",{"v":466,"d":"466.00"},{"v":5,"d":"5.0000"},{"v":2330,"d":"2330.00"},{"v":0,"d":"0.0000"},{"v":0,"d":"0.00"},{"v":0,"d":"0.0000"},{"v":0,"d":"0.00"},{"v":466,"d":"466.00"},{"v":5,"d":"5.0000"},{"v":2330,"d":"2330.00"}]
[null,"10536","Ведро эмалированное","07010210342000244","4","шт",{"v":896,"d":"896.00"},{"v":2,"d":"2.0000"},{"v":1792,"d":"1792.00"},{"v":0,"d":"0.0000"},{"v":0,"d":"0.00"},{"v":0,"d":"0.0000"},{"v":0,"d":"0.00"},{"v":896,"d":"896.00"},{"v":2,"d":"2.0000"},{"v":1792,"d":"1792.00"}]
[null,"021","Велосипед б/у","07010210342000244","4","шт",{"v":3600,"d":"3600.00"},{"v":2,"d":"2.0000"},{"v":7200,"d":"7200.00"},{"v":0,"d":"0.0000"},{"v":0,"d":"0.00"},{"v":0,"d":"0.0000"},{"v":0,"d":"0.00"},{"v":3600,"d":"3600.00"},{"v":2,"d":"2.0000"},{"v":7200,"d":"7200.00"}]
[null,"10536","Веник Сарго","07010210342000244","4","шт",{"v":94,"d":"94.00"},{"v":3,"d":"3.0000"},{"v":282,"d":"282.00"},{"v":0,"d":"0.0000"},{"v":0,"d":"0.00"},{"v":0,"d":"0.0000"},{"v":0,"d":"0.00"},{"v":94,"d":"94.00"},{"v":3,"d":"3.0000"},{"v":282,"d":"282.00"}]
[null,"10536","Венчик","07010210342000244","4","шт",{"v":50,"d":"50.00"},{"v":1,"d":"1.0000"},{"v":50,"d":"50.00"},{"v":0,"d":"0.0000"},{"v":0,"d":"0.00"},{"v":0,"d":"0.0000"},{"v":0,"d":"0.00"},{"v":50,"d":"50.00"},{"v":1,"d":"1.0000"},{"v":50,"d":"50.00"}]
[null,"10536","Весы кухонные","07010210342000244","2","шт",{"v":215,"d":"215.00"},{"v":1,"d":"1.0000"},{"v":215,"d":"215.00"},{"v":0,"d":"0.0000"},{"v":0,"d":"0.00"},{"v":0,"d":"0.0000"},{"v":0,"d":"0.00"},{"v":215,"d":"215.00"},{"v":1,"d":"1.0000"},{"v":215,"d":"215.00"}]
[null,"021","Весы напольные б/у","07010210342000244","4","шт",{"v":100,"d":"100.00"},{"v":1,"d":"1.0000"},{"v":100,"d":"100.00"},{"v":0,"d":"0.0000"},{"v":0,"d":"0.00"},{"v":0,"d":"0.0000"},{"v":0,"d":"0.00"},{"v":100,"d":"100.00"},{"v":1,"d":"1.0000"},{"v":100,"d":"100.00"}]
[null,"021","Весы РП 150","07010210342000244","4","шт",{"v":1800,"d":"1800.00"},{"v":1,"d":"1.0000"},{"v":1800,"d":"1800.00"},{"v":0,"d":"0.0000"},{"v":0,"d":"0.00"},{"v":0,"d":"0.0000"},{"v":0,"d":"0.00"},{"v":1800,"d":"1800.00"},{"v":1,"d":"1.0000"},{"v":1800,"d":"1800.00"}]
[null,"021","Вешалка б/у","07010210342000244","4","шт",{"v":100,"d":"100.00"},{"v":1,"d":"1.0000"},{"v":100,"d":"100.00"},{"v":0,"d":"0.0000"},{"v":0,"d":"0.00"},{"v":0,"d":"0.0000"},{"v":0,"d":"0.00"},{"v":100,"d":"100.00"},{"v":1,"d":"1.0000"},{"v":100,"d":"100.00"}]
[null,"021","Вешалка для одежды б/у","07010210342000244","4","шт",{"v":40,"d":"40.00"},{"v":5,"d":"5.0000"},{"v":200,"d":"200.00"},{"v":0,"d":"0.0000"},{"v":0,"d":"0.00"},{"v":0,"d":"0.0000"},{"v":0,"d":"0.00"},{"v":40,"d":"40.00"},{"v":5,"d":"5.0000"},{"v":200,"d":"200.00"}]
[null,"10536","Вилки","07010210342000244","4","шт",{"v":1,"d":"1.00"},{"v":15,"d":"15.0000"},{"v":15,"d":"15.00"},{"v":0,"d":"0.0000"},{"v":0,"d":"0.00"},{"v":0,"d":"0.0000"},{"v":0,"d":"0.00"},{"v":1,"d":"1.00"},{"v":15,"d":"15.0000"},{"v":15,"d":"15.00"}]
[null,"10534","водоэмульсионная краска 13кг","07026710010990244","4","шт",{"v":1450,"d":"1450.00"},{"v":6,"d":"6.0000"},{"v":8700,"d":"8700.00"},{"v":0,"d":"0.0000"},{"v":0,"d":"0.00"},{"v":0,"d":"0.0000"},{"v":0,"d":"0.00"},{"v":1450,"d":"1450.00"},{"v":6,"d":"6.0000"},{"v":8700,"d":"8700.00"}]
[null,"021","Выставочные стенды","07010210342000244","4","шт",{"v":12.5,"d":"12.50"},{"v":4,"d":"4.0000"},{"v":50,"d":"50.00"},{"v":0,"d":"0.0000"},{"v":0,"d":"0.00"},{"v":0,"d":"0.0000"},{"v":0,"d":"0.00"},{"v":12.5,"d":"12.50"},{"v":4,"d":"4.0000"},{"v":50,"d":"50.00"}]
[null,"021","гардины","07010210342000244","4","шт",4.05,{"v":22,"d":"22.0000"},89.02,{"v":0,"d":"0.0000"},{"v":0,"d":"0.00"},{"v":0,"d":"0.0000"},{"v":0,"d":"0.00"},4.05,{"v":22,"d":"22.0000"},89.02]
[null,"10536","Гофросифон 1/2*40*50","07010210342000244","4","шт",{"v":340,"d":"340.00"},{"v":5,"d":"5.0000"},{"v":1700,"d":"1700.00"},{"v":0,"d":"0.0000"},{"v":0,"d":"0.00"},{"v":0,"d":"0.0000"},{"v":0,"d":"0.00"},{"v":340,"d":"340.00"},{"v":5,"d":"5.0000"},{"v":1700,"d":"1700.00"}]
[null,"10536","дезинфицирующее средство дез хлор","070202202S0050244","4","шт",630.01,{"v":1,"d":"1.0000"},630.01,{"v":0,"d":"0.0000"},{"v":0,"d":"0.00"},{"v":0,"d":"0.0000"},{"v":0,"d":"0.00"},630.01,{"v":1,"d":"1.0000"},630.01]
[null,"021","Деревянная дорога","07010210342000244","4","шт",{"v":100,"d":"100.00"},{"v":1,"d":"1.0000"},{"v":100,"d":"100.00"},{"v":0,"d":"0.0000"},{"v":0,"d":"0.00"},{"v":0,"d":"0.0000"},{"v":0,"d":"0.00"},{"v":100,"d":"100.00"},{"v":1,"d":"1.0000"},{"v":100,"d":"100.00"}]
[null,"021","Деревянная полка б/у","07010210342000244","4","шт",{"v":50,"d":"50.00"},{"v":1,"d":"1.0000"},{"v":50,"d":"50.00"},{"v":0,"d":"0.0000"},{"v":0,"d":"0.00"},{"v":0,"d":"0.0000"},{"v":0,"d":"0.00"},{"v":50,"d":"50.00"},{"v":1,"d":"1.0000"},{"v":50,"d":"50.00"}]
[null,"021","Дет.кровать д/кукол  б/у","07010210342000244","4","шт",{"v":17,"d":"17.00"},{"v":5,"d":"5.0000"},{"v":85,"d":"85.00"},{"v":0,"d":"0.0000"},{"v":0,"d":"0.00"},{"v":0,"d":"0.0000"},{"v":0,"d":"0.00"},{"v":17,"d":"17.00"},{"v":5,"d":"5.0000"},{"v":85,"d":"85.00"}]
[null,"021","Детские горшки","07010210342000244","4","шт",4.17,{"v":6,"d":"6.0000"},{"v":25,"d":"25.00"},{"v":0,"d":"0.0000"},{"v":0,"d":"0.00"},{"v":0,"d":"0.0000"},{"v":0,"d":"0.00"},4.17,{"v":6,"d":"6.0000"},{"v":25,"d":"25.00"}]
[null,"021","Детские кукольные стулья ","07010210342000244","4","шт",6.25,{"v":4,"d":"4.0000"},{"v":25,"d":"25.00"},{"v":0,"d":"0.0000"},{"v":0,"d":"0.00"},{"v":0,"d":"0.0000"},{"v":0,"d":"0.00"},6.25,{"v":4,"d":"4.0000"},{"v":25,"d":"25.00"}]
[null,"021","Детский игровой стул для кормления","07010210342000244","4","шт",{"v":25,"d":"25.00"},{"v":1,"d":"1.0000"},{"v":25,"d":"25.00"},{"v":0,"d":"0.0000"},{"v":0,"d":"0.00"},{"v":0,"d":"0.0000"},{"v":0,"d":"0.00"},{"v":25,"d":"25.00"},{"v":1,"d":"1.0000"},{"v":25,"d":"25.00"}]
[null,"021","Детский игровой уголок Доктор","07010210342000244","4","шт",{"v":25,"d":"25.00"},{"v":1,"d":"1.0000"},{"v":25,"d":"25.00"},{"v":0,"d":"0.0000"},{"v":0,"d":"0.00"},{"v":0,"d":"0.0000"},{"v":0,"d":"0.00"},{"v":25,"d":"25.00"},{"v":1,"d":"1.0000"},{"v":25,"d":"25.00"}]
[null,"021","Детский игровой уголок Кухня","07010210342000244","4","шт",{"v":50,"d":"50.00"},{"v":1,"d":"1.0000"},{"v":50,"d":"50.00"},{"v":0,"d":"0.0000"},{"v":0,"d":"0.00"},{"v":0,"d":"0.0000"},{"v":0,"d":"0.00"},{"v":50,"d":"50.00"},{"v":1,"d":"1.0000"},{"v":50,"d":"50.00"}]
[null,"021","Детский игровой уголок Магазин с набором","07010210342000244","4","шт",{"v":25,"d":"25.00"},{"v":1,"d":"1.0000"},{"v":25,"d":"25.00"},{"v":0,"d":"0.0000"},{"v":0,"d":"0.00"},{"v":0,"d":"0.0000"},{"v":0,"d":"0.00"},{"v":25,"d":"25.00"},{"v":1,"d":"1.0000"},{"v":25,"d":"25.00"}]
[null,"021","Детский игровой уголок Парикмахер","07010210342000244","4","шт",{"v":50,"d":"50.00"},{"v":1,"d":"1.0000"},{"v":50,"d":"50.00"},{"v":0,"d":"0.0000"},{"v":0,"d":"0.00"},{"v":0,"d":"0.0000"},{"v":0,"d":"0.00"},{"v":50,"d":"50.00"},{"v":1,"d":"1.0000"},{"v":50,"d":"50.00"}]
[null,"021","Детский набор автомобилей (спецтехника)","07010210342000244","4","шт",{"v":50,"d":"50.00"},{"v":2,"d":"2.0000"},{"v":100,"d":"100.00"},{"v":0,"d":"0.0000"},{"v":0,"d":"0.00"},{"v":0,"d":"0.0000"},{"v":0,"d":"0.00"},{"v":50,"d":"50.00"},{"v":2,"d":"2.0000"},{"v":100,"d":"100.00"}]
[null,"021","Детский уголок кухни б/у","07010210342000244","4","шт",{"v":250,"d":"250.00"},{"v":1,"d":"1.0000"},{"v":250,"d":"250.00"},{"v":0,"d":"0.0000"},{"v":0,"d":"0.00"},{"v":0,"d":"0.0000"},{"v":0,"d":"0.00"},{"v":250,"d":"250.00"},{"v":1,"d":"1.0000"},{"v":250,"d":"250.00"}]
[null,"10536","Диски","07010210342000244","4","шт",{"v":62.5,"d":"62.50"},{"v":1,"d":"1.0000"},{"v":62.5,"d":"62.50"},{"v":0,"d":"0.0000"},{"v":0,"d":"0.00"},{"v":0,"d":"0.0000"},{"v":0,"d":"0.00"},{"v":62.5,"d":"62.50"},{"v":1,"d":"1.0000"},{"v":62.5,"d":"62.50"}]
[null,"10536","Доска гладильная","07010210342000244","4","шт",{"v":1100,"d":"1100.00"},{"v":1,"d":"1.0000"},{"v":1100,"d":"1100.00"},{"v":0,"d":"0.0000"},{"v":0,"d":"0.00"},{"v":0,"d":"0.0000"},{"v":0,"d":"0.00"},{"v":1100,"d":"1100.00"},{"v":1,"d":"1.0000"},{"v":1100,"d":"1100.00"}]
[null,"021","Доска магн.-маркерная б/у","07010210342000244","4","шт",{"v":100,"d":"100.00"},{"v":1,"d":"1.0000"},{"v":100,"d":"100.00"},{"v":0,"d":"0.0000"},{"v":0,"d":"0.00"},{"v":0,"d":"0.0000"},{"v":0,"d":"0.00"},{"v":100,"d":"100.00"},{"v":1,"d":"1.0000"},{"v":100,"d":"100.00"}]
[null,"021","Доска магнитная \"2гр\"","07010210342000244","4","шт",{"v":40,"d":"40.00"},{"v":1,"d":"1.0000"},{"v":40,"d":"40.00"},{"v":0,"d":"0.0000"},{"v":0,"d":"0.00"},{"v":0,"d":"0.0000"},{"v":0,"d":"0.00"},{"v":40,"d":"40.00"},{"v":1,"d":"1.0000"},{"v":40,"d":"40.00"}]
[null,"021","Доска преподавателя  б/у","07010210342000244","4","шт",{"v":50,"d":"50.00"},{"v":1,"d":"1.0000"},{"v":50,"d":"50.00"},{"v":0,"d":"0.0000"},{"v":0,"d":"0.00"},{"v":0,"d":"0.0000"},{"v":0,"d":"0.00"},{"v":50,"d":"50.00"},{"v":1,"d":"1.0000"},{"v":50,"d":"50.00"}]
[null,"10536","Доска разд.","07010210342000244","4","шт",{"v":90,"d":"90.00"},{"v":4,"d":"4.0000"},{"v":360,"d":"360.00"},{"v":0,"d":"0.0000"},{"v":0,"d":"0.00"},{"v":0,"d":"0.0000"},{"v":0,"d":"0.00"},{"v":90,"d":"90.00"},{"v":4,"d":"4.0000"},{"v":360,"d":"360.00"}]
[null,"021","Дуги железные","07010210342000244","4","шт",{"v":10,"d":"10.00"},{"v":4,"d":"4.0000"},{"v":40,"d":"40.00"},{"v":0,"d":"0.0000"},{"v":0,"d":"0.00"},{"v":0,"d":"0.0000"},{"v":0,"d":"0.00"},{"v":10,"d":"10.00"},{"v":4,"d":"4.0000"},{"v":40,"d":"40.00"}]
[null,"10536","Дуршлаг","07010210342000244","4","шт",43.72,{"v":2,"d":"2.0000"},87.43,{"v":0,"d":"0.0000"},{"v":0,"d":"0.00"},{"v":0,"d":"0.0000"},{"v":0,"d":"0.00"},43.72,{"v":2,"d":"2.0000"},87.43]
[null,"10536","Ерш для унитаза","07010210342000244","4","шт",{"v":65,"d":"65.00"},{"v":8,"d":"8.0000"},{"v":520,"d":"520.00"},{"v":0,"d":"0.0000"},{"v":0,"d":"0.00"},{"v":0,"d":"0.0000"},{"v":0,"d":"0.00"},{"v":65,"d":"65.00"},{"v":8,"d":"8.0000"},{"v":520,"d":"520.00"}]
[null,"10536","Журнал учета стер,биксов","07010210342000244","4","шт",{"v":100,"d":"100.00"},{"v":1,"d":"1.0000"},{"v":100,"d":"100.00"},{"v":0,"d":"0.0000"},{"v":0,"d":"0.00"},{"v":0,"d":"0.0000"},{"v":0,"d":"0.00"},{"v":100,"d":"100.00"},{"v":1,"d":"1.0000"},{"v":100,"d":"100.00"}]
[null,"021","Журнальный столик","07010210342000244","4","шт",{"v":25,"d":"25.00"},{"v":2,"d":"2.0000"},{"v":50,"d":"50.00"},{"v":0,"d":"0.0000"},{"v":0,"d":"0.00"},{"v":0,"d":"0.0000"},{"v":0,"d":"0.00"},{"v":25,"d":"25.00"},{"v":2,"d":"2.0000"},{"v":50,"d":"50.00"}]
[null,"021","Защитные очки","07010210342000244","4","шт",29.55,{"v":1,"d":"1.0000"},29.55,{"v":0,"d":"0.0000"},{"v":0,"d":"0.00"},{"v":0,"d":"0.0000"},{"v":0,"d":"0.00"},29.55,{"v":1,"d":"1.0000"},29.55]
[null,"021","зеркало","07010210342000244","4","шт",11.53,{"v":2,"d":"2.0000"},23.06,{"v":0,"d":"0.0000"},{"v":0,"d":"0.00"},{"v":0,"d":"0.0000"},{"v":0,"d":"0.00"},11.53,{"v":2,"d":"2.0000"},23.06]
[null,"021","Зеркало б/у","07010210342000244","4","шт",{"v":17.5,"d":"17.50"},{"v":2,"d":"2.0000"},{"v":35,"d":"35.00"},{"v":0,"d":"0.0000"},{"v":0,"d":"0.00"},{"v":0,"d":"0.0000"},{"v":0,"d":"0.00"},{"v":17.5,"d":"17.50"},{"v":2,"d":"2.0000"},{"v":35,"d":"35.00"}]
[null,"021","Игр мягкий коврик пазл","07010210342000244","4","шт",{"v":40,"d":"40.00"},{"v":1,"d":"1.0000"},{"v":40,"d":"40.00"},{"v":0,"d":"0.0000"},{"v":0,"d":"0.00"},{"v":0,"d":"0.0000"},{"v":0,"d":"0.00"},{"v":40,"d":"40.00"},{"v":1,"d":"1.0000"},{"v":40,"d":"40.00"}]
[null,"021","Игр. продуктовая корзина на колесах","07010210342000244","4","шт",{"v":25,"d":"25.00"},{"v":2,"d":"2.0000"},{"v":50,"d":"50.00"},{"v":0,"d":"0.0000"},{"v":0,"d":"0.00"},{"v":0,"d":"0.0000"},{"v":0,"d":"0.00"},{"v":25,"d":"25.00"},{"v":2,"d":"2.0000"},{"v":50,"d":"50.00"}]
[null,"021","Игровая палатка","07010210342000244","4","шт",{"v":100,"d":"100.00"},{"v":1,"d":"1.0000"},{"v":100,"d":"100.00"},{"v":0,"d":"0.0000"},{"v":0,"d":"0.00"},{"v":0,"d":"0.0000"},{"v":0,"d":"0.00"},{"v":100,"d":"100.00"},{"v":1,"d":"1.0000"},{"v":100,"d":"100.00"}]
[null,"021","Игровая спортивная палатка","07010210342000244","4","шт",{"v":50,"d":"50.00"},{"v":1,"d":"1.0000"},{"v":50,"d":"50.00"},{"v":0,"d":"0.0000"},{"v":0,"d":"0.00"},{"v":0,"d":"0.0000"},{"v":0,"d":"0.00"},{"v":50,"d":"50.00"},{"v":1,"d":"1.0000"},{"v":50,"d":"50.00"}]
[null,"021","Игрушка пирамидка","07010210342000244","4","шт",{"v":50,"d":"50.00"},{"v":1,"d":"1.0000"},{"v":50,"d":"50.00"},{"v":0,"d":"0.0000"},{"v":0,"d":"0.00"},{"v":0,"d":"0.0000"},{"v":0,"d":"0.00"},{"v":50,"d":"50.00"},{"v":1,"d":"1.0000"},{"v":50,"d":"50.00"}]
[null,"021","Инфрокрасный безконтактный термометр Berrcom","07020220242100244","4","шт",{"v":3900,"d":"3900.00"},{"v":1,"d":"1.0000"},{"v":3900,"d":"3900.00"},{"v":0,"d":"0.0000"},{"v":0,"d":"0.00"},{"v":0,"d":"0.0000"},{"v":0,"d":"0.00"},{"v":3900,"d":"3900.00"},{"v":1,"d":"1.0000"},{"v":3900,"d":"3900.00"}]
[null,"021","Календарь природы игровой","07010210342000244","4","шт",{"v":50,"d":"50.00"},{"v":1,"d":"1.0000"},{"v":50,"d":"50.00"},{"v":0,"d":"0.0000"},{"v":0,"d":"0.00"},{"v":0,"d":"0.0000"},{"v":0,"d":"0.00"},{"v":50,"d":"50.00"},{"v":1,"d":"1.0000"},{"v":50,"d":"50.00"}]
[null,"10536","Кастрюли","07010210342000244","4","шт",85.03,{"v":18,"d":"18.0000"},1530.48,{"v":0,"d":"0.0000"},{"v":0,"d":"0.00"},{"v":0,"d":"0.0000"},{"v":0,"d":"0.00"},85.03,{"v":18,"d":"18.0000"},1530.48]
[null,"10536","Кастрюли разные","07010210342000244","4","шт",452.86,{"v":10,"d":"10.0000"},4528.57,{"v":0,"d":"0.0000"},{"v":0,"d":"0.00"},{"v":0,"d":"0.0000"},{"v":0,"d":"0.00"},452.86,{"v":10,"d":"10.0000"},4528.57]
[null,"10536","Кастрюля  2  л","07010210342000244","4","шт",{"v":273,"d":"273.00"},{"v":1,"d":"1.0000"},{"v":273,"d":"273.00"},{"v":0,"d":"0.0000"},{"v":0,"d":"0.00"},{"v":0,"d":"0.0000"},{"v":0,"d":"0.00"},{"v":273,"d":"273.00"},{"v":1,"d":"1.0000"},{"v":273,"d":"273.00"}]
[null,"10536","Кастрюля 1.5","07010210342000244","4","шт",{"v":122,"d":"122.00"},{"v":5,"d":"5.0000"},{"v":610,"d":"610.00"},{"v":0,"d":"0.0000"},{"v":0,"d":"0.00"},{"v":0,"d":"0.0000"},{"v":0,"d":"0.00"},{"v":122,"d":"122.00"},{"v":5,"d":"5.0000"},{"v":610,"d":"610.00"}]
[null,"10536","Кастрюля 20л","07010210342000244","4","шт",{"v":637,"d":"637.00"},{"v":2,"d":"2.0000"},{"v":1274,"d":"1274.00"},{"v":0,"d":"0.0000"},{"v":0,"d":"0.00"},{"v":0,"d":"0.0000"},{"v":0,"d":"0.00"},{"v":637,"d":"637.00"},{"v":2,"d":"2.0000"},{"v":1274,"d":"1274.00"}]
[null,"10536","Кастрюля 3 л","07010210342000244","4","шт",{"v":258,"d":"258.00"},{"v":1,"d":"1.0000"},{"v":258,"d":"258.00"},{"v":0,"d":"0.0000"},{"v":0,"d":"0.00"},{"v":0,"d":"0.0000"},{"v":0,"d":"0.00"},{"v":258,"d":"258.00"},{"v":1,"d":"1.0000"},{"v":258,"d":"258.00"}]
[null,"10536","Кастрюля 4 л","07010210342000244","4","шт",{"v":328,"d":"328.00"},{"v":1,"d":"1.0000"},{"v":328,"d":"328.00"},{"v":0,"d":"0.0000"},{"v":0,"d":"0.00"},{"v":0,"d":"0.0000"},{"v":0,"d":"0.00"},{"v":328,"d":"328.00"},{"v":1,"d":"1.0000"},{"v":328,"d":"328.00"}]
[null,"10536","Кастрюля 4.5","07010210342000244","4","шт",{"v":237,"d":"237.00"},{"v":2,"d":"2.0000"},{"v":474,"d":"474.00"},{"v":0,"d":"0.0000"},{"v":0,"d":"0.00"},{"v":0,"d":"0.0000"},{"v":0,"d":"0.00"},{"v":237,"d":"237.00"},{"v":2,"d":"2.0000"},{"v":474,"d":"474.00"}]
[null,"10536","Кастрюля 6 л","07010210342000244","4","шт",{"v":415,"d":"415.00"},{"v":1,"d":"1.0000"},{"v":415,"d":"415.00"},{"v":0,"d":"0.0000"},{"v":0,"d":"0.00"},{"v":0,"d":"0.0000"},{"v":0,"d":"0.00"},{"v":415,"d":"415.00"},{"v":1,"d":"1.0000"},{"v":415,"d":"415.00"}]
[null,"10536","Кастрюля цил.5,5 л","07010210342000244","4","шт",{"v":321,"d":"321.00"},{"v":1,"d":"1.0000"},{"v":321,"d":"321.00"},{"v":0,"d":"0.0000"},{"v":0,"d":"0.00"},{"v":0,"d":"0.0000"},{"v":0,"d":"0.00"},{"v":321,"d":"321.00"},{"v":1,"d":"1.0000"},{"v":321,"d":"321.00"}]
[null,"10536","Кисточка силик.","07010210342000244","4","шт",{"v":60,"d":"60.00"},{"v":1,"d":"1.0000"},{"v":60,"d":"60.00"},{"v":0,"d":"0.0000"},{"v":0,"d":"0.00"},{"v":0,"d":"0.0000"},{"v":0,"d":"0.00"},{"v":60,"d":"60.00"},{"v":1,"d":"1.0000"},{"v":60,"d":"60.00"}]
[null,"021","КЛАВИАТУРА Genius 103","07010210342000244","4","шт",{"v":374,"d":"374.00"},{"v":1,"d":"1.0000"},{"v":374,"d":"374.00"},{"v":0,"d":"0.0000"},{"v":0,"d":"0.00"},{"v":0,"d":"0.0000"},{"v":0,"d":"0.00"},{"v":374,"d":"374.00"},{"v":1,"d":"1.0000"},{"v":374,"d":"374.00"}]
[null,"10536","Книги","07010210342000244","4","руб",0.01,{"v":1080868,"d":"1080868.0000"},10808.68,{"v":0,"d":"0.0000"},{"v":0,"d":"0.00"},{"v":0,"d":"0.0000"},{"v":0,"d":"0.00"},0.01,{"v":1080868,"d":"1080868.0000"},10808.68]
[null,"021","Ковер б/у","07010210342000244","4","шт",{"v":3000,"d":"3000.00"},{"v":2,"d":"2.0000"},{"v":6000,"d":"6000.00"},{"v":0,"d":"0.0000"},{"v":0,"d":"0.00"},{"v":0,"d":"0.0000"},{"v":0,"d":"0.00"},{"v":3000,"d":"3000.00"},{"v":2,"d":"2.0000"},{"v":6000,"d":"6000.00"}]
[null,"021","Коврик для мыши","07010210342000244","4","шт",{"v":47,"d":"47.00"},{"v":1,"d":"1.0000"},{"v":47,"d":"47.00"},{"v":0,"d":"0.0000"},{"v":0,"d":"0.00"},{"v":0,"d":"0.0000"},{"v":0,"d":"0.00"},{"v":47,"d":"47.00"},{"v":1,"d":"1.0000"},{"v":47,"d":"47.00"}]
[null,"10536","Ковш эмал.","07010210342000244","2","т",{"v":180,"d":"180.00"},{"v":3,"d":"3.0000"},{"v":540,"d":"540.00"},{"v":0,"d":"0.0000"},{"v":0,"d":"0.00"},{"v":0,"d":"0.0000"},{"v":0,"d":"0.00"},{"v":180,"d":"180.00"},{"v":3,"d":"3.0000"},{"v":540,"d":"540.00"}]
[null,"021","Колонки","07010210342000244","4","шт",{"v":203,"d":"203.00"},{"v":1,"d":"1.0000"},{"v":203,"d":"203.00"},{"v":0,"d":"0.0000"},{"v":0,"d":"0.00"},{"v":0,"d":"0.0000"},{"v":0,"d":"0.00"},{"v":203,"d":"203.00"},{"v":1,"d":"1.0000"},{"v":203,"d":"203.00"}]
[null,"021","Компьютерный стол б/у","07010210342000244","4","шт",{"v":500,"d":"500.00"},{"v":1,"d":"1.0000"},{"v":500,"d":"500.00"},{"v":0,"d":"0.0000"},{"v":0,"d":"0.00"},{"v":0,"d":"0.0000"},{"v":0,"d":"0.00"},{"v":500,"d":"500.00"},{"v":1,"d":"1.0000"},{"v":500,"d":"500.00"}]
[null,"021","Контейнер для обработки","07010210342000244","4","шт",{"v":448.5,"d":"448.50"},{"v":4,"d":"4.0000"},{"v":1794,"d":"1794.00"},{"v":0,"d":"0.0000"},{"v":0,"d":"0.00"},{"v":0,"d":"0.0000"},{"v":0,"d":"0.00"},{"v":448.5,"d":"448.50"},{"v":4,"d":"4.0000"},{"v":1794,"d":"1794.00"}]
[null,"10536","Контейнер для обработки 1л","07010210342000244","4","шт",595.56,{"v":2,"d":"2.0000"},1191.12,{"v":0,"d":"0.0000"},{"v":0,"d":"0.00"},{"v":0,"d":"0.0000"},{"v":0,"d":"0.00"},595.56,{"v":2,"d":"2.0000"},1191.12]
[null,"10535","Костюм Деда Мороза","07010210342000244","4","шт",{"v":620,"d":"620.00"},{"v":1,"d":"1.0000"},{"v":620,"d":"620.00"},{"v":0,"d":"0.0000"},{"v":0,"d":"0.00"},{"v":0,"d":"0.0000"},{"v":0,"d":"0.00"},{"v":620,"d":"620.00"},{"v":1,"d":"1.0000"},{"v":620,"d":"620.00"}]
[null,"10536","Котел","07010210342000244","4","шт",504.38,{"v":8,"d":"8.0000"},{"v":4035,"d":"4035.00"},{"v":0,"d":"0.0000"},{"v":0,"d":"0.00"},{"v":0,"d":"0.0000"},{"v":0,"d":"0.00"},504.38,{"v":8,"d":"8.0000"},{"v":4035,"d":"4035.00"}]
[null,"10536","кран шаровой 1/2","07010210342000244","4","шт",{"v":229,"d":"229.00"},{"v":1,"d":"1.0000"},{"v":229,"d":"229.00"},{"v":0,"d":"0.0000"},{"v":0,"d":"0.00"},{"v":0,"d":"0.0000"},{"v":0,"d":"0.00"},{"v":229,"d":"229.00"},{"v":1,"d":"1.0000"},{"v":229,"d":"229.00"}]
[null,"10536","Кран шаровой D-20 Политэк","07010210342000244","4","шт",{"v":209,"d":"209.00"},{"v":2,"d":"2.0000"},{"v":418,"d":"418.00"},{"v":0,"d":"0.0000"},{"v":0,"d":"0.00"},{"v":0,"d":"0.0000"},{"v":0,"d":"0.00"},{"v":209,"d":"209.00"},{"v":2,"d":"2.0000"},{"v":418,"d":"418.00"}]
[null,"10536","кран-букса рез","07010210342000244","4","шт",{"v":157.5,"d":"157.50"},{"v":10,"d":"10.0000"},{"v":1575,"d":"1575.00"},{"v":0,"d":"0.0000"},{"v":0,"d":"0.00"},{"v":0,"d":"0.0000"},{"v":0,"d":"0.00"},{"v":157.5,"d":"157.50"},{"v":10,"d":"10.0000"},{"v":1575,"d":"1575.00"}]
[null,"10536","кран-букса рез улучшенная","07010210342000244","4","шт",{"v":170,"d":"170.00"},{"v":10,"d":"10.0000"},{"v":1700,"d":"1700.00"},{"v":0,"d":"0.0000"},{"v":0,"d":"0.00"},{"v":0,"d":"0.0000"},{"v":0,"d":"0.00"},{"v":170,"d":"170.00"},{"v":10,"d":"10.0000"},{"v":1700,"d":"1700.00"}]
[null,"10536","краска сайвер пф-115 фиолетовый 2кг","07010210342000244","4","шт",448.22,{"v":1,"d":"1.0000"},448.22,{"v":0,"d":"0.0000"},{"v":0,"d":"0.00"},{"v":0,"d":"0.0000"},{"v":0,"d":"0.00"},448.22,{"v":1,"d":"1.0000"},448.22]
[null,"10536","крепление тр 1 1/2 к стене с рез","07010210342000244","4","шт",{"v":56,"d":"56.00"},{"v":15,"d":"15.0000"},{"v":840,"d":"840.00"},{"v":0,"d":"0.0000"},{"v":0,"d":"0.00"},{"v":0,"d":"0.0000"},{"v":0,"d":"0.00"},{"v":56,"d":"56.00"},{"v":15,"d":"15.0000"},{"v":840,"d":"840.00"}]
[null,"10536","крепление тр 4 к стене с рез","07010210342000244","4","шт",{"v":89,"d":"89.00"},{"v":15,"d":"15.0000"},{"v":1335,"d":"1335.00"},{"v":0,"d":"0.0000"},{"v":0,"d":"0.00"},{"v":0,"d":"0.0000"},{"v":0,"d":"0.00"},{"v":89,"d":"89.00"},{"v":15,"d":"15.0000"},{"v":1335,"d":"1335.00"}]
[null,"021","кровать дет","07010210342000244","4","шт",8.53,{"v":20,"d":"20.0000"},170.62,{"v":0,"d":"0.0000"},{"v":0,"d":"0.00"},{"v":0,"d":"0.0000"},{"v":0,"d":"0.00"},8.53,{"v":20,"d":"20.0000"},170.62]
[null,"021","Кукла","07010210342000244","4","шт",1733.18,{"v":2,"d":"2.0000"},3466.36,{"v":0,"d":"0.0000"},{"v":0,"d":"0.00"},{"v":0,"d":"0.0000"},{"v":0,"d":"0.00"},1733.18,{"v":2,"d":"2.0000"},3466.36]
[null,"10536","Кукла Алла","07010210342000244","4","шт",{"v":1265,"d":"1265.00"},{"v":5,"d":"5.0000"},{"v":6325,"d":"6325.00"},{"v":0,"d":"0.0000"},{"v":0,"d":"0.00"},{"v":0,"d":"0.0000"},{"v":0,"d":"0.00"},{"v":1265,"d":"1265.00"},{"v":5,"d":"5.0000"},{"v":6325,"d":"6325.00"}]
[null,"021","Кукольная коляска ","07010210342000244","4","шт",{"v":22.5,"d":"22.50"},{"v":2,"d":"2.0000"},{"v":45,"d":"45.00"},{"v":0,"d":"0.0000"},{"v":0,"d":"0.00"},{"v":0,"d":"0.0000"},{"v":0,"d":"0.00"},{"v":22.5,"d":"22.50"},{"v":2,"d":"2.0000"},{"v":45,"d":"45.00"}]
[null,"021","Кукольные санки","07010210342000244","4","шт",{"v":35,"d":"35.00"},{"v":1,"d":"1.0000"},{"v":35,"d":"35.00"},{"v":0,"d":"0.0000"},{"v":0,"d":"0.00"},{"v":0,"d":"0.0000"},{"v":0,"d":"0.00"},{"v":35,"d":"35.00"},{"v":1,"d":"1.0000"},{"v":35,"d":"35.00"}]
[null,"021","Кукольный театр б/у","07010210342000244","4","шт",{"v":25,"d":"25.00"},{"v":2,"d":"2.0000"},{"v":50,"d":"50.00"},{"v":0,"d":"0.0000"},{"v":0,"d":"0.00"},{"v":0,"d":"0.0000"},{"v":0,"d":"0.00"},{"v":25,"d":"25.00"},{"v":2,"d":"2.0000"},{"v":50,"d":"50.00"}]
[null,"021","Кушетка смотровая","07010210342000244","4","шт",{"v":2800,"d":"2800.00"},{"v":1,"d":"1.0000"},{"v":2800,"d":"2800.00"},{"v":0,"d":"0.0000"},{"v":0,"d":"0.00"},{"v":0,"d":"0.0000"},{"v":0,"d":"0.00"},{"v":2800,"d":"2800.00"},{"v":1,"d":"1.0000"},{"v":2800,"d":"2800.00"}]
[null,"021","Лавка б/у","07010210342000244","4","шт",{"v":30,"d":"30.00"},{"v":5,"d":"5.0000"},{"v":150,"d":"150.00"},{"v":0,"d":"0.0000"},{"v":0,"d":"0.00"},{"v":0,"d":"0.0000"},{"v":0,"d":"0.00"},{"v":30,"d":"30.00"},{"v":5,"d":"5.0000"},{"v":150,"d":"150.00"}]
[null,"10535","Ламбрикен","07010210342000244","4","шт",{"v":100,"d":"100.00"},{"v":5,"d":"5.0000"},{"v":500,"d":"500.00"},{"v":0,"d":"0.0000"},{"v":0,"d":"0.00"},{"v":0,"d":"0.0000"},{"v":0,"d":"0.00"},{"v":100,"d":"100.00"},{"v":5,"d":"5.0000"},{"v":500,"d":"500.00"}]
[null,"021","Лампа офтальм, и оториноларинг, обследов","07010210342000244","4","шт",{"v":628,"d":"628.00"},{"v":1,"d":"1.0000"},{"v":628,"d":"628.00"},{"v":0,"d":"0.0000"},{"v":0,"d":"0.00"},{"v":0,"d":"0.0000"},{"v":0,"d":"0.00"},{"v":628,"d":"628.00"},{"v":1,"d":"1.0000"},{"v":628,"d":"628.00"}]
[null,"021","Лего б/у","07010210342000244","4","упак",{"v":25,"d":"25.00"},{"v":2,"d":"2.0000"},{"v":50,"d":"50.00"},{"v":0,"d":"0.0000"},{"v":0,"d":"0.00"},{"v":0,"d":"0.0000"},{"v":0,"d":"0.00"},{"v":25,"d":"25.00"},{"v":2,"d":"2.0000"},{"v":50,"d":"50.00"}]
[null,"10534","Линокром ХПК (гранулят серый)","07010210342000244","4","м[2*]",{"v":80,"d":"80.00"},{"v":50,"d":"50.0000"},{"v":4000,"d":"4000.00"},{"v":0,"d":"0.0000"},{"v":0,"d":"0.00"},{"v":0,"d":"0.0000"},{"v":0,"d":"0.00"},{"v":80,"d":"80.00"},{"v":50,"d":"50.0000"},{"v":4000,"d":"4000.00"}]
[null,"10536","Ложка разл.","07010210342000244","4","шт",70.67,{"v":6,"d":"6.0000"},{"v":424,"d":"424.00"},{"v":0,"d":"0.0000"},{"v":0,"d":"0.00"},{"v":0,"d":"0.0000"},{"v":0,"d":"0.00"},70.67,{"v":6,"d":"6.0000"},{"v":424,"d":"424.00"}]
[null,"10536","Ложка разливательная","07010210342000244","4","шт",{"v":139,"d":"139.00"},{"v":1,"d":"1.0000"},{"v":139,"d":"139.00"},{"v":0,"d":"0.0000"},{"v":0,"d":"0.00"},{"v":0,"d":"0.0000"},{"v":0,"d":"0.00"},{"v":139,"d":"139.00"},{"v":1,"d":"1.0000"},{"v":139,"d":"139.00"}]
[null,"10536","Ложка столовая","07010210342000244","2","шт",{"v":16,"d":"16.00"},{"v":46,"d":"46.0000"},{"v":736,"d":"736.00"},{"v":0,"d":"0.0000"},{"v":0,"d":"0.00"},{"v":0,"d":"0.0000"},{"v":0,"d":"0.00"},{"v":16,"d":"16.00"},{"v":46,"d":"46.0000"},{"v":736,"d":"736.00"}]
[null,"10536","Ложки чайные","07010210342000244","4","шт",{"v":10.9,"d":"10.90"},{"v":48,"d":"48.0000"},523.15,{"v":0,"d":"0.0000"},{"v":0,"d":"0.00"},{"v":0,"d":"0.0000"},{"v":0,"d":"0.00"},{"v":10.9,"d":"10.90"},{"v":48,"d":"48.0000"},523.15]
[null,"10536","Лопата Крепыш для снега","07010210342000244","4","шт",{"v":375,"d":"375.00"},{"v":1,"d":"1.0000"},{"v":375,"d":"375.00"},{"v":0,"d":"0.0000"},{"v":0,"d":"0.00"},{"v":0,"d":"0.0000"},{"v":0,"d":"0.00"},{"v":375,"d":"375.00"},{"v":1,"d":"1.0000"},{"v":375,"d":"375.00"}]
[null,"10536","Лопатка кулинарная с ЦМР","07010210342000244","4","шт",{"v":51,"d":"51.00"},{"v":2,"d":"2.0000"},{"v":102,"d":"102.00"},{"v":0,"d":"0.0000"},{"v":0,"d":"0.00"},{"v":0,"d":"0.0000"},{"v":0,"d":"0.00"},{"v":51,"d":"51.00"},{"v":2,"d":"2.0000"},{"v":102,"d":"102.00"}]
[null,"021","Лото детское","07010210342000244","4","шт",{"v":50,"d":"50.00"},{"v":2,"d":"2.0000"},{"v":100,"d":"100.00"},{"v":0,"d":"0.0000"},{"v":0,"d":"0.00"},{"v":0,"d":"0.0000"},{"v":0,"d":"0.00"},{"v":50,"d":"50.00"},{"v":2,"d":"2.0000"},{"v":100,"d":"100.00"}]
[null,"021","Лоток почкообразный","07010210342000244","4","шт",{"v":25,"d":"25.00"},{"v":4,"d":"4.0000"},{"v":100,"d":"100.00"},{"v":0,"d":"0.0000"},{"v":0,"d":"0.00"},{"v":0,"d":"0.0000"},{"v":0,"d":"0.00"},{"v":25,"d":"25.00"},{"v":4,"d":"4.0000"},{"v":100,"d":"100.00"}]
[null,"10536","манжет 123*110","07010210342000244","4","шт",{"v":72,"d":"72.00"},{"v":4,"d":"4.0000"},{"v":288,"d":"288.00"},{"v":0,"d":"0.0000"},{"v":0,"d":"0.00"},{"v":0,"d":"0.0000"},{"v":0,"d":"0.00"},{"v":72,"d":"72.00"},{"v":4,"d":"4.0000"},{"v":288,"d":"288.00"}]
[null,"10536","маховик крест.квадр.металл","07010210342000244","4","шт",{"v":139,"d":"139.00"},{"v":1,"d":"1.0000"},{"v":139,"d":"139.00"},{"v":0,"d":"0.0000"},{"v":0,"d":"0.00"},{"v":0,"d":"0.0000"},{"v":0,"d":"0.00"},{"v":139,"d":"139.00"},{"v":1,"d":"1.0000"},{"v":139,"d":"139.00"}]
[null,"021","Металлоискатель ручной Sphinx BM-611X","07017600010990244","4","шт",{"v":5195,"d":"5195.00"},{"v":1,"d":"1.0000"},{"v":5195,"d":"5195.00"},{"v":0,"d":"0.0000"},{"v":0,"d":"0.00"},{"v":0,"d":"0.0000"},{"v":0,"d":"0.00"},{"v":5195,"d":"5195.00"},{"v":1,"d":"1.0000"},{"v":5195,"d":"5195.00"}]
[null,"10536","Методические пособия","07010210342000244","4","шт",2308.08,{"v":1,"d":"1.0000"},2308.08,{"v":0,"d":"0.0000"},{"v":0,"d":"0.00"},{"v":0,"d":"0.0000"},{"v":0,"d":"0.00"},2308.08,{"v":1,"d":"1.0000"},2308.08]
[null,"10536","Методические пособия 2019г.","07010210342000244","4","руб",0.01,{"v":62080,"d":"62080.0000"},{"v":620.8,"d":"620.80"},{"v":0,"d":"0.0000"},{"v":0,"d":"0.00"},{"v":0,"d":"0.0000"},{"v":0,"d":"0.00"},0.01,{"v":62080,"d":"62080.0000"},{"v":620.8,"d":"620.80"}]
[null,"10536","Методические пособия для дошкольников","07010210342000244","4","руб",6557.58,{"v":1,"d":"1.0000"},6557.58,{"v":0,"d":"0.0000"},{"v":0,"d":"0.00"},{"v":0,"d":"0.0000"},{"v":0,"d":"0.00"},6557.58,{"v":1,"d":"1.0000"},6557.58]
[null,"10536","Методическое пособие","07010210342000244","4","шт",1500.76,{"v":1,"d":"1.0000"},1500.76,{"v":0,"d":"0.0000"},{"v":0,"d":"0.00"},{"v":0,"d":"0.0000"},{"v":0,"d":"0.00"},1500.76,{"v":1,"d":"1.0000"},1500.76]
[null,"10536","Мешки для стерилизации","07010210342000244","4","шт",{"v":6.2,"d":"6.20"},{"v":39,"d":"39.0000"},241.61,{"v":0,"d":"0.0000"},{"v":0,"d":"0.00"},{"v":0,"d":"0.0000"},{"v":0,"d":"0.00"},{"v":6.2,"d":"6.20"},{"v":39,"d":"39.0000"},241.61]
[null,"10536","Миска","07010210342000244","2","шт",{"v":185,"d":"185.00"},{"v":5,"d":"5.0000"},{"v":925,"d":"925.00"},{"v":0,"d":"0.0000"},{"v":0,"d":"0.00"},{"v":0,"d":"0.0000"},{"v":0,"d":"0.00"},{"v":185,"d":"185.00"},{"v":5,"d":"5.0000"},{"v":925,"d":"925.00"}]
[null,"021","Мольберт","07010210342000244","4","шт",{"v":25,"d":"25.00"},{"v":2,"d":"2.0000"},{"v":50,"d":"50.00"},{"v":0,"d":"0.0000"},{"v":0,"d":"0.00"},{"v":0,"d":"0.0000"},{"v":0,"d":"0.00"},{"v":25,"d":"25.00"},{"v":2,"d":"2.0000"},{"v":50,"d":"50.00"}]
[null,"021","музей \"национальной татарской культуры\"","07010210342000244","4","набор",{"v":500,"d":"500.00"},{"v":1,"d":"1.0000"},{"v":500,"d":"500.00"},{"v":0,"d":"0.0000"},{"v":0,"d":"0.00"},{"v":0,"d":"0.0000"},{"v":0,"d":"0.00"},{"v":500,"d":"500.00"},{"v":1,"d":"1.0000"},{"v":500,"d":"500.00"}]
[null,"10536","муфта 50пп сантрек","07010210342000244","4","шт",{"v":61,"d":"61.00"},{"v":1,"d":"1.0000"},{"v":61,"d":"61.00"},{"v":0,"d":"0.0000"},{"v":0,"d":"0.00"},{"v":0,"d":"0.0000"},{"v":0,"d":"0.00"},{"v":61,"d":"61.00"},{"v":1,"d":"1.0000"},{"v":61,"d":"61.00"}]
[null,"10536","муфта соединительная 20 ","07010210342000244","4","шт",{"v":9,"d":"9.00"},{"v":4,"d":"4.0000"},{"v":36,"d":"36.00"},{"v":0,"d":"0.0000"},{"v":0,"d":"0.00"},{"v":0,"d":"0.0000"},{"v":0,"d":"0.00"},{"v":9,"d":"9.00"},{"v":4,"d":"4.0000"},{"v":36,"d":"36.00"}]
[null,"10536","Мыло детское","07010210342000244","2","шт",{"v":26,"d":"26.00"},{"v":68,"d":"68.0000"},{"v":1768,"d":"1768.00"},{"v":0,"d":"0.0000"},{"v":0,"d":"0.00"},{"v":0,"d":"0.0000"},{"v":0,"d":"0.00"},{"v":26,"d":"26.00"},{"v":68,"d":"68.0000"},{"v":1768,"d":"1768.00"}]
[null,"10536","Мыло хозяйственное 72% 200г.","07010210342000244","2","шт",{"v":37,"d":"37.00"},{"v":18,"d":"18.0000"},{"v":666,"d":"666.00"},{"v":0,"d":"0.0000"},{"v":0,"d":"0.00"},{"v":0,"d":"0.0000"},{"v":0,"d":"0.00"},{"v":37,"d":"37.00"},{"v":18,"d":"18.0000"},{"v":666,"d":"666.00"}]
[null,"10536","Мыло хоязйственное 75%","07010210342000244","4","шт",25.15,{"v":2,"d":"2.0000"},{"v":50.3,"d":"50.30"},{"v":0,"d":"0.0000"},{"v":0,"d":"0.00"},{"v":0,"d":"0.0000"},{"v":0,"d":"0.00"},25.15,{"v":2,"d":"2.0000"},{"v":50.3,"d":"50.30"}]
[null,"021","Мышь","07010210342000244","4","шт",{"v":119,"d":"119.00"},{"v":1,"d":"1.0000"},{"v":119,"d":"119.00"},{"v":0,"d":"0.0000"},{"v":0,"d":"0.00"},{"v":0,"d":"0.0000"},{"v":0,"d":"0.00"},{"v":119,"d":"119.00"},{"v":1,"d":"1.0000"},{"v":119,"d":"119.00"}]
[null,"021","Мягкий кухонный уголок б/у","07010210342000244","4","шт",{"v":50,"d":"50.00"},{"v":1,"d":"1.0000"},{"v":50,"d":"50.00"},{"v":0,"d":"0.0000"},{"v":0,"d":"0.00"},{"v":0,"d":"0.0000"},{"v":0,"d":"0.00"},{"v":50,"d":"50.00"},{"v":1,"d":"1.0000"},{"v":50,"d":"50.00"}]
[null,"021","Мясорубка б/у","07010210342000244","4","шт",{"v":200,"d":"200.00"},{"v":1,"d":"1.0000"},{"v":200,"d":"200.00"},{"v":0,"d":"0.0000"},{"v":0,"d":"0.00"},{"v":0,"d":"0.0000"},{"v":0,"d":"0.00"},{"v":200,"d":"200.00"},{"v":1,"d":"1.0000"},{"v":200,"d":"200.00"}]
[null,"10536","мяч","07010210342000244","4","шт",{"v":117,"d":"117.00"},{"v":5,"d":"5.0000"},{"v":585,"d":"585.00"},{"v":0,"d":"0.0000"},{"v":0,"d":"0.00"},{"v":0,"d":"0.0000"},{"v":0,"d":"0.00"},{"v":117,"d":"117.00"},{"v":5,"d":"5.0000"},{"v":585,"d":"585.00"}]
[null,"021","Мяч гимнастический","07010210342000244","4","шт",{"v":100,"d":"100.00"},{"v":1,"d":"1.0000"},{"v":100,"d":"100.00"},{"v":0,"d":"0.0000"},{"v":0,"d":"0.00"},{"v":0,"d":"0.0000"},{"v":0,"d":"0.00"},{"v":100,"d":"100.00"},{"v":1,"d":"1.0000"},{"v":100,"d":"100.00"}]
[null,"021","Набор  лего б/у","07010210342000244","4","упак",{"v":50,"d":"50.00"},{"v":1,"d":"1.0000"},{"v":50,"d":"50.00"},{"v":0,"d":"0.0000"},{"v":0,"d":"0.00"},{"v":0,"d":"0.0000"},{"v":0,"d":"0.00"},{"v":50,"d":"50.00"},{"v":1,"d":"1.0000"},{"v":50,"d":"50.00"}]
[null,"021","набор б/у вешалок (плечики)","07010210342000244","4","компл",{"v":200,"d":"200.00"},{"v":1,"d":"1.0000"},{"v":200,"d":"200.00"},{"v":0,"d":"0.0000"},{"v":0,"d":"0.00"},{"v":0,"d":"0.0000"},{"v":0,"d":"0.00"},{"v":200,"d":"200.00"},{"v":1,"d":"1.0000"},{"v":200,"d":"200.00"}]
[null,"021","набор б/у тумбочек","07020220242100244","4","шт",{"v":200,"d":"200.00"},{"v":1,"d":"1.0000"},{"v":200,"d":"200.00"},{"v":0,"d":"0.0000"},{"v":0,"d":"0.00"},{"v":0,"d":"0.0000"},{"v":0,"d":"0.00"},{"v":200,"d":"200.00"},{"v":1,"d":"1.0000"},{"v":200,"d":"200.00"}]
[null,"021","набор взрослых театральных костюмов","07010210342000244","4","компл",{"v":300,"d":"300.00"},{"v":1,"d":"1.0000"},{"v":300,"d":"300.00"},{"v":0,"d":"0.0000"},{"v":0,"d":"0.00"},{"v":0,"d":"0.0000"},{"v":0,"d":"0.00"},{"v":300,"d":"300.00"},{"v":1,"d":"1.0000"},{"v":300,"d":"300.00"}]
[null,"021","Набор деревянных кубиков","07010210342000244","4","шт",{"v":40,"d":"40.00"},{"v":1,"d":"1.0000"},{"v":40,"d":"40.00"},{"v":0,"d":"0.0000"},{"v":0,"d":"0.00"},{"v":0,"d":"0.0000"},{"v":0,"d":"0.00"},{"v":40,"d":"40.00"},{"v":1,"d":"1.0000"},{"v":40,"d":"40.00"}]
[null,"021","Набор деревянных стеллажей б/у","07010210342000244","4","шт",{"v":200,"d":"200.00"},{"v":1,"d":"1.0000"},{"v":200,"d":"200.00"},{"v":0,"d":"0.0000"},{"v":0,"d":"0.00"},{"v":0,"d":"0.0000"},{"v":0,"d":"0.00"},{"v":200,"d":"200.00"},{"v":1,"d":"1.0000"},{"v":200,"d":"200.00"}]
[null,"021","набор детских театральных костюмов","07010210342000244","4","компл",{"v":200,"d":"200.00"},{"v":1,"d":"1.0000"},{"v":200,"d":"200.00"},{"v":0,"d":"0.0000"},{"v":0,"d":"0.00"},{"v":0,"d":"0.0000"},{"v":0,"d":"0.00"},{"v":200,"d":"200.00"},{"v":1,"d":"1.0000"},{"v":200,"d":"200.00"}]
[null,"021","Набор ДСП стендов в коридор","07010210342000244","4","шт",{"v":200,"d":"200.00"},{"v":1,"d":"1.0000"},{"v":200,"d":"200.00"},{"v":0,"d":"0.0000"},{"v":0,"d":"0.00"},{"v":0,"d":"0.0000"},{"v":0,"d":"0.00"},{"v":200,"d":"200.00"},{"v":1,"d":"1.0000"},{"v":200,"d":"200.00"}]
[null,"021","Набор игр. резиновых животных","07010210342000244","4","шт",{"v":50,"d":"50.00"},{"v":1,"d":"1.0000"},{"v":50,"d":"50.00"},{"v":0,"d":"0.0000"},{"v":0,"d":"0.00"},{"v":0,"d":"0.0000"},{"v":0,"d":"0.00"},{"v":50,"d":"50.00"},{"v":1,"d":"1.0000"},{"v":50,"d":"50.00"}]
[null,"021","Набор игровых мячей б/у","07010210342000244","4","шт",{"v":20,"d":"20.00"},{"v":2,"d":"2.0000"},{"v":40,"d":"40.00"},{"v":0,"d":"0.0000"},{"v":0,"d":"0.00"},{"v":0,"d":"0.0000"},{"v":0,"d":"0.00"},{"v":20,"d":"20.00"},{"v":2,"d":"2.0000"},{"v":40,"d":"40.00"}]
[null,"021","Набор игровых овощей, фруктов б/у","07010210342000244","4","шт",{"v":20,"d":"20.00"},{"v":4,"d":"4.0000"},{"v":80,"d":"80.00"},{"v":0,"d":"0.0000"},{"v":0,"d":"0.00"},{"v":0,"d":"0.0000"},{"v":0,"d":"0.00"},{"v":20,"d":"20.00"},{"v":4,"d":"4.0000"},{"v":80,"d":"80.00"}]
[null,"021","Набор игрушечной посуды б/у","07010210342000244","4","упак",{"v":70,"d":"70.00"},{"v":1,"d":"1.0000"},{"v":70,"d":"70.00"},{"v":0,"d":"0.0000"},{"v":0,"d":"0.00"},{"v":0,"d":"0.0000"},{"v":0,"d":"0.00"},{"v":70,"d":"70.00"},{"v":1,"d":"1.0000"},{"v":70,"d":"70.00"}]
[null,"021","Набор игрушечный инструментов врача б/у","07010210342000244","4","упак",{"v":50,"d":"50.00"},{"v":1,"d":"1.0000"},{"v":50,"d":"50.00"},{"v":0,"d":"0.0000"},{"v":0,"d":"0.00"},{"v":0,"d":"0.0000"},{"v":0,"d":"0.00"},{"v":50,"d":"50.00"},{"v":1,"d":"1.0000"},{"v":50,"d":"50.00"}]
[null,"021","Набор кеглей","07010210342000244","4","шт",{"v":17.5,"d":"17.50"},{"v":2,"d":"2.0000"},{"v":35,"d":"35.00"},{"v":0,"d":"0.0000"},{"v":0,"d":"0.00"},{"v":0,"d":"0.0000"},{"v":0,"d":"0.00"},{"v":17.5,"d":"17.50"},{"v":2,"d":"2.0000"},{"v":35,"d":"35.00"}]
[null,"021","Набор клюшек","07010210342000244","4","шт",{"v":35,"d":"35.00"},{"v":1,"d":"1.0000"},{"v":35,"d":"35.00"},{"v":0,"d":"0.0000"},{"v":0,"d":"0.00"},{"v":0,"d":"0.0000"},{"v":0,"d":"0.00"},{"v":35,"d":"35.00"},{"v":1,"d":"1.0000"},{"v":35,"d":"35.00"}]
[null,"021","Набор ковровых дорожек","07010210342000244","4","шт",{"v":50,"d":"50.00"},{"v":1,"d":"1.0000"},{"v":50,"d":"50.00"},{"v":0,"d":"0.0000"},{"v":0,"d":"0.00"},{"v":0,"d":"0.0000"},{"v":0,"d":"0.00"},{"v":50,"d":"50.00"},{"v":1,"d":"1.0000"},{"v":50,"d":"50.00"}]
[null,"021","Набор коридорных тюлей","07010210342000244","4","шт",{"v":200,"d":"200.00"},{"v":1,"d":"1.0000"},{"v":200,"d":"200.00"},{"v":0,"d":"0.0000"},{"v":0,"d":"0.00"},{"v":0,"d":"0.0000"},{"v":0,"d":"0.00"},{"v":200,"d":"200.00"},{"v":1,"d":"1.0000"},{"v":200,"d":"200.00"}]
[null,"021","Набор кукол","07010210342000244","4","шт",{"v":25,"d":"25.00"},{"v":2,"d":"2.0000"},{"v":50,"d":"50.00"},{"v":0,"d":"0.0000"},{"v":0,"d":"0.00"},{"v":0,"d":"0.0000"},{"v":0,"d":"0.00"},{"v":25,"d":"25.00"},{"v":2,"d":"2.0000"},{"v":50,"d":"50.00"}]
[null,"021","Набор Лото","07010210342000244","4","шт",{"v":35,"d":"35.00"},{"v":1,"d":"1.0000"},{"v":35,"d":"35.00"},{"v":0,"d":"0.0000"},{"v":0,"d":"0.00"},{"v":0,"d":"0.0000"},{"v":0,"d":"0.00"},{"v":35,"d":"35.00"},{"v":1,"d":"1.0000"},{"v":35,"d":"35.00"}]
[null,"021","Набор массажных дорожек самодельных","07010210342000244","4","шт",{"v":15,"d":"15.00"},{"v":2,"d":"2.0000"},{"v":30,"d":"30.00"},{"v":0,"d":"0.0000"},{"v":0,"d":"0.00"},{"v":0,"d":"0.0000"},{"v":0,"d":"0.00"},{"v":15,"d":"15.00"},{"v":2,"d":"2.0000"},{"v":30,"d":"30.00"}]
[null,"021","Набор метательных мешков с песком","07010210342000244","4","шт",{"v":35,"d":"35.00"},{"v":1,"d":"1.0000"},{"v":35,"d":"35.00"},{"v":0,"d":"0.0000"},{"v":0,"d":"0.00"},{"v":0,"d":"0.0000"},{"v":0,"d":"0.00"},{"v":35,"d":"35.00"},{"v":1,"d":"1.0000"},{"v":35,"d":"35.00"}]
[null,"021","Набор Музыкальный уголок","07010210342000244","4","шт",{"v":22.5,"d":"22.50"},{"v":2,"d":"2.0000"},{"v":45,"d":"45.00"},{"v":0,"d":"0.0000"},{"v":0,"d":"0.00"},{"v":0,"d":"0.0000"},{"v":0,"d":"0.00"},{"v":22.5,"d":"22.50"},{"v":2,"d":"2.0000"},{"v":45,"d":"45.00"}]
[null,"021","Набор мягких игрушек","07010210342000244","4","шт",{"v":40,"d":"40.00"},{"v":1,"d":"1.0000"},{"v":40,"d":"40.00"},{"v":0,"d":"0.0000"},{"v":0,"d":"0.00"},{"v":0,"d":"0.0000"},{"v":0,"d":"0.00"},{"v":40,"d":"40.00"},{"v":1,"d":"1.0000"},{"v":40,"d":"40.00"}]
[null,"021","Набор мягких кубиков","07010210342000244","4","шт",{"v":35,"d":"35.00"},{"v":1,"d":"1.0000"},{"v":35,"d":"35.00"},{"v":0,"d":"0.0000"},{"v":0,"d":"0.00"},{"v":0,"d":"0.0000"},{"v":0,"d":"0.00"},{"v":35,"d":"35.00"},{"v":1,"d":"1.0000"},{"v":35,"d":"35.00"}]
[null,"021","Набор навесных полок б/у","07010210342000244","4","шт",{"v":200,"d":"200.00"},{"v":1,"d":"1.0000"},{"v":200,"d":"200.00"},{"v":0,"d":"0.0000"},{"v":0,"d":"0.00"},{"v":0,"d":"0.0000"},{"v":0,"d":"0.00"},{"v":200,"d":"200.00"},{"v":1,"d":"1.0000"},{"v":200,"d":"200.00"}]
[null,"021","Набор настольных игр","07010210342000244","4","шт",{"v":25,"d":"25.00"},{"v":2,"d":"2.0000"},{"v":50,"d":"50.00"},{"v":0,"d":"0.0000"},{"v":0,"d":"0.00"},{"v":0,"d":"0.0000"},{"v":0,"d":"0.00"},{"v":25,"d":"25.00"},{"v":2,"d":"2.0000"},{"v":50,"d":"50.00"}]
[null,"021","Набор национальных кукол","07010210342000244","4","шт",{"v":25,"d":"25.00"},{"v":2,"d":"2.0000"},{"v":50,"d":"50.00"},{"v":0,"d":"0.0000"},{"v":0,"d":"0.00"},{"v":0,"d":"0.0000"},{"v":0,"d":"0.00"},{"v":25,"d":"25.00"},{"v":2,"d":"2.0000"},{"v":50,"d":"50.00"}]
[null,"021","Набор пазлов","07010210342000244","4","шт",{"v":30,"d":"30.00"},{"v":1,"d":"1.0000"},{"v":30,"d":"30.00"},{"v":0,"d":"0.0000"},{"v":0,"d":"0.00"},{"v":0,"d":"0.0000"},{"v":0,"d":"0.00"},{"v":30,"d":"30.00"},{"v":1,"d":"1.0000"},{"v":30,"d":"30.00"}]
[null,"021","Набор ПДД","07010210342000244","4","шт",{"v":35,"d":"35.00"},{"v":1,"d":"1.0000"},{"v":35,"d":"35.00"},{"v":0,"d":"0.0000"},{"v":0,"d":"0.00"},{"v":0,"d":"0.0000"},{"v":0,"d":"0.00"},{"v":35,"d":"35.00"},{"v":1,"d":"1.0000"},{"v":35,"d":"35.00"}]
[null,"021","Набор пласт пазлов","07010210342000244","4","шт",{"v":40,"d":"40.00"},{"v":1,"d":"1.0000"},{"v":40,"d":"40.00"},{"v":0,"d":"0.0000"},{"v":0,"d":"0.00"},{"v":0,"d":"0.0000"},{"v":0,"d":"0.00"},{"v":40,"d":"40.00"},{"v":1,"d":"1.0000"},{"v":40,"d":"40.00"}]
[null,"021","Набор пластиковых контейнеров","07010210342000244","4","шт",{"v":25,"d":"25.00"},{"v":2,"d":"2.0000"},{"v":50,"d":"50.00"},{"v":0,"d":"0.0000"},{"v":0,"d":"0.00"},{"v":0,"d":"0.0000"},{"v":0,"d":"0.00"},{"v":25,"d":"25.00"},{"v":2,"d":"2.0000"},{"v":50,"d":"50.00"}]
[null,"021","набор пластиковых мисок (разные)","07010210342000244","4","компл",{"v":100,"d":"100.00"},{"v":1,"d":"1.0000"},{"v":100,"d":"100.00"},{"v":0,"d":"0.0000"},{"v":0,"d":"0.00"},{"v":0,"d":"0.0000"},{"v":0,"d":"0.00"},{"v":100,"d":"100.00"},{"v":1,"d":"1.0000"},{"v":100,"d":"100.00"}]
[null,"021","Набор пластиковых мячей","07010210342000244","4","шт",{"v":17.5,"d":"17.50"},{"v":2,"d":"2.0000"},{"v":35,"d":"35.00"},{"v":0,"d":"0.0000"},{"v":0,"d":"0.00"},{"v":0,"d":"0.0000"},{"v":0,"d":"0.00"},{"v":17.5,"d":"17.50"},{"v":2,"d":"2.0000"},{"v":35,"d":"35.00"}]
[null,"021","Набор пластиковых строительных кубиков","07010210342000244","4","шт",{"v":25,"d":"25.00"},{"v":1,"d":"1.0000"},{"v":25,"d":"25.00"},{"v":0,"d":"0.0000"},{"v":0,"d":"0.00"},{"v":0,"d":"0.0000"},{"v":0,"d":"0.00"},{"v":25,"d":"25.00"},{"v":1,"d":"1.0000"},{"v":25,"d":"25.00"}]
[null,"021","Набор стендов","07010210342000244","4","шт",{"v":200,"d":"200.00"},{"v":1,"d":"1.0000"},{"v":200,"d":"200.00"},{"v":0,"d":"0.0000"},{"v":0,"d":"0.00"},{"v":0,"d":"0.0000"},{"v":0,"d":"0.00"},{"v":200,"d":"200.00"},{"v":1,"d":"1.0000"},{"v":200,"d":"200.00"}]
[null,"021","Набор флажков","07010210342000244","4","шт",{"v":25,"d":"25.00"},{"v":1,"d":"1.0000"},{"v":25,"d":"25.00"},{"v":0,"d":"0.0000"},{"v":0,"d":"0.00"},{"v":0,"d":"0.0000"},{"v":0,"d":"0.00"},{"v":25,"d":"25.00"},{"v":1,"d":"1.0000"},{"v":25,"d":"25.00"}]
[null,"021","Набор цветочных горшков","07010210342000244","4","шт",{"v":25,"d":"25.00"},{"v":2,"d":"2.0000"},{"v":50,"d":"50.00"},{"v":0,"d":"0.0000"},{"v":0,"d":"0.00"},{"v":0,"d":"0.0000"},{"v":0,"d":"0.00"},{"v":25,"d":"25.00"},{"v":2,"d":"2.0000"},{"v":50,"d":"50.00"}]
[null,"021","Набор часов позновательных","07010210342000244","4","шт",{"v":45,"d":"45.00"},{"v":1,"d":"1.0000"},{"v":45,"d":"45.00"},{"v":0,"d":"0.0000"},{"v":0,"d":"0.00"},{"v":0,"d":"0.0000"},{"v":0,"d":"0.00"},{"v":45,"d":"45.00"},{"v":1,"d":"1.0000"},{"v":45,"d":"45.00"}]
[null,"021","набор черных стульев","07010210342000244","4","компл",{"v":300,"d":"300.00"},{"v":1,"d":"1.0000"},{"v":300,"d":"300.00"},{"v":0,"d":"0.0000"},{"v":0,"d":"0.00"},{"v":0,"d":"0.0000"},{"v":0,"d":"0.00"},{"v":300,"d":"300.00"},{"v":1,"d":"1.0000"},{"v":300,"d":"300.00"}]
[null,"021","набор шкафов б/у","07020220242100244","4","шт",{"v":300,"d":"300.00"},{"v":1,"d":"1.0000"},{"v":300,"d":"300.00"},{"v":0,"d":"0.0000"},{"v":0,"d":"0.00"},{"v":0,"d":"0.0000"},{"v":0,"d":"0.00"},{"v":300,"d":"300.00"},{"v":1,"d":"1.0000"},{"v":300,"d":"300.00"}]
[null,"021","Навесная полка б/у","07010210342000244","4","шт",{"v":20,"d":"20.00"},{"v":2,"d":"2.0000"},{"v":40,"d":"40.00"},{"v":0,"d":"0.0000"},{"v":0,"d":"0.00"},{"v":0,"d":"0.0000"},{"v":0,"d":"0.00"},{"v":20,"d":"20.00"},{"v":2,"d":"2.0000"},{"v":40,"d":"40.00"}]
[null,"021","Навесная полка для бытовой химии","07010210342000244","4","шт",{"v":10,"d":"10.00"},{"v":4,"d":"4.0000"},{"v":40,"d":"40.00"},{"v":0,"d":"0.0000"},{"v":0,"d":"0.00"},{"v":0,"d":"0.0000"},{"v":0,"d":"0.00"},{"v":10,"d":"10.00"},{"v":4,"d":"4.0000"},{"v":40,"d":"40.00"}]
[null,"10535","Навлочка","07010210342000244","4","шт",{"v":30,"d":"30.00"},{"v":5,"d":"5.0000"},{"v":150,"d":"150.00"},{"v":0,"d":"0.0000"},{"v":0,"d":"0.00"},{"v":0,"d":"0.0000"},{"v":0,"d":"0.00"},{"v":30,"d":"30.00"},{"v":5,"d":"5.0000"},{"v":150,"d":"150.00"}]
[null,"10535","Наволочка","07010210342000244","4","шт",{"v":85,"d":"85.00"},{"v":55,"d":"55.0000"},{"v":4675,"d":"4675.00"},{"v":0,"d":"0.0000"},{"v":0,"d":"0.00"},{"v":0,"d":"0.0000"},{"v":0,"d":"0.00"},{"v":85,"d":"85.00"},{"v":55,"d":"55.0000"},{"v":4675,"d":"4675.00"}]
[null,"021","наматрацники","07010210342000244","4","шт",0.16,{"v":40,"d":"40.0000"},6.56,{"v":0,"d":"0.0000"},{"v":0,"d":"0.00"},{"v":0,"d":"0.0000"},{"v":0,"d":"0.00"},0.16,{"v":40,"d":"40.0000"},6.56]
[null,"021","Настольная игра Хоккей","07010210342000244","4","шт",{"v":100,"d":"100.00"},{"v":1,"d":"1.0000"},{"v":100,"d":"100.00"},{"v":0,"d":"0.0000"},{"v":0,"d":"0.00"},{"v":0,"d":"0.0000"},{"v":0,"d":"0.00"},{"v":100,"d":"100.00"},{"v":1,"d":"1.0000"},{"v":100,"d":"100.00"}]
[null,"10531","Ника антибакт 0,5мл","07010210342000244","4","шт",{"v":200,"d":"200.00"},{"v":2,"d":"2.0000"},{"v":400,"d":"400.00"},{"v":0,"d":"0.0000"},{"v":0,"d":"0.00"},{"v":0,"d":"0.0000"},{"v":0,"d":"0.00"},{"v":200,"d":"200.00"},{"v":2,"d":"2.0000"},{"v":400,"d":"400.00"}]
[null,"10536","Ника изосептик спрей  по 0,75","07010210342000244","4","шт",{"v":560,"d":"560.00"},{"v":1,"d":"1.0000"},{"v":560,"d":"560.00"},{"v":0,"d":"0.0000"},{"v":0,"d":"0.00"},{"v":0,"d":"0.0000"},{"v":0,"d":"0.00"},{"v":560,"d":"560.00"},{"v":1,"d":"1.0000"},{"v":560,"d":"560.00"}]
[null,"10536","Ника-Супер конц.средство для мытья посуды","070202202S0050244","4","шт",{"v":126,"d":"126.00"},{"v":80,"d":"80.0000"},{"v":10080,"d":"10080.00"},{"v":0,"d":"0.0000"},{"v":0,"d":"0.00"},{"v":0,"d":"0.0000"},{"v":0,"d":"0.00"},{"v":126,"d":"126.00"},{"v":80,"d":"80.0000"},{"v":10080,"d":"10080.00"}]
[null,"10536","Нож бол.","07010210342000244","2","шт",{"v":100,"d":"100.00"},{"v":4,"d":"4.0000"},{"v":400,"d":"400.00"},{"v":0,"d":"0.0000"},{"v":0,"d":"0.00"},{"v":0,"d":"0.0000"},{"v":0,"d":"0.00"},{"v":100,"d":"100.00"},{"v":4,"d":"4.0000"},{"v":400,"d":"400.00"}]
[null,"021","Ножницы медиц,","07010210342000244","4","шт",{"v":348.1,"d":"348.10"},{"v":1,"d":"1.0000"},{"v":348.1,"d":"348.10"},{"v":0,"d":"0.0000"},{"v":0,"d":"0.00"},{"v":0,"d":"0.0000"},{"v":0,"d":"0.00"},{"v":348.1,"d":"348.10"},{"v":1,"d":"1.0000"},{"v":348.1,"d":"348.10"}]
[null,"021","Ножницы прямые 145 мм","07010210342000244","4","шт",{"v":75,"d":"75.00"},{"v":2,"d":"2.0000"},{"v":150,"d":"150.00"},{"v":0,"d":"0.0000"},{"v":0,"d":"0.00"},{"v":0,"d":"0.0000"},{"v":0,"d":"0.00"},{"v":75,"d":"75.00"},{"v":2,"d":"2.0000"},{"v":150,"d":"150.00"}]
[null,"021","Обувница","07010210342000244","4","шт",{"v":40,"d":"40.00"},{"v":1,"d":"1.0000"},{"v":40,"d":"40.00"},{"v":0,"d":"0.0000"},{"v":0,"d":"0.00"},{"v":0,"d":"0.0000"},{"v":0,"d":"0.00"},{"v":40,"d":"40.00"},{"v":1,"d":"1.0000"},{"v":40,"d":"40.00"}]
[null,"021","Огнетушители","07010210342000244","4","шт",637.38,{"v":2,"d":"2.0000"},1274.76,{"v":0,"d":"0.0000"},{"v":0,"d":"0.00"},{"v":0,"d":"0.0000"},{"v":0,"d":"0.00"},637.38,{"v":2,"d":"2.0000"},1274.76]
[null,"021","Огнетушитель ОП-4 (3) АВСЕ (ЗПУ Алюминий)","07010210342000244","4","шт",{"v":750,"d":"750.00"},{"v":7,"d":"7.0000"},{"v":5250,"d":"5250.00"},{"v":0,"d":"0.0000"},{"v":0,"d":"0.00"},{"v":0,"d":"0.0000"},{"v":0,"d":"0.00"},{"v":750,"d":"750.00"},{"v":7,"d":"7.0000"},{"v":5250,"d":"5250.00"}]
[null,"021","Огнетушитель ОП-4 (3) АВСЕ (ЗПУ Алюминий)","07017700023000244","4","шт",{"v":750,"d":"750.00"},{"v":1,"d":"1.0000"},{"v":750,"d":"750.00"},{"v":0,"d":"0.0000"},{"v":0,"d":"0.00"},{"v":0,"d":"0.0000"},{"v":0,"d":"0.00"},{"v":750,"d":"750.00"},{"v":1,"d":"1.0000"},{"v":750,"d":"750.00"}]
[null,"10535","Одеяло дет","07010210342000244","4","шт",58.94,{"v":60,"d":"60.0000"},{"v":3536.1,"d":"3536.10"},{"v":0,"d":"0.0000"},{"v":0,"d":"0.00"},{"v":0,"d":"0.0000"},{"v":0,"d":"0.00"},58.94,{"v":60,"d":"60.0000"},{"v":3536.1,"d":"3536.10"}]
[null,"10536","палка гимнастическая","07010210342000244","4","шт",{"v":64,"d":"64.00"},{"v":10,"d":"10.0000"},{"v":640,"d":"640.00"},{"v":0,"d":"0.0000"},{"v":0,"d":"0.00"},{"v":0,"d":"0.0000"},{"v":0,"d":"0.00"},{"v":64,"d":"64.00"},{"v":10,"d":"10.0000"},{"v":640,"d":"640.00"}]
[null,"10536","пемолюкс 400г","070202202S0050244","4","шт",{"v":80,"d":"80.00"},{"v":72,"d":"72.0000"},{"v":5760,"d":"5760.00"},{"v":0,"d":"0.0000"},{"v":0,"d":"0.00"},{"v":0,"d":"0.0000"},{"v":0,"d":"0.00"},{"v":80,"d":"80.00"},{"v":72,"d":"72.0000"},{"v":5760,"d":"5760.00"}]
[null,"10536","переход соосн.","07010210342000244","4","шт",{"v":116,"d":"116.00"},{"v":2,"d":"2.0000"},{"v":232,"d":"232.00"},{"v":0,"d":"0.0000"},{"v":0,"d":"0.00"},{"v":0,"d":"0.0000"},{"v":0,"d":"0.00"},{"v":116,"d":"116.00"},{"v":2,"d":"2.0000"},{"v":232,"d":"232.00"}]
[null,"021","Письменный стол б/у детский","07010210342000244","4","шт",{"v":500,"d":"500.00"},{"v":1,"d":"1.0000"},{"v":500,"d":"500.00"},{"v":0,"d":"0.0000"},{"v":0,"d":"0.00"},{"v":0,"d":"0.0000"},{"v":0,"d":"0.00"},{"v":500,"d":"500.00"},{"v":1,"d":"1.0000"},{"v":500,"d":"500.00"}]
[null,"021","Пластиковая корзина для игрушек","07010210342000244","4","шт",{"v":40,"d":"40.00"},{"v":1,"d":"1.0000"},{"v":40,"d":"40.00"},{"v":0,"d":"0.0000"},{"v":0,"d":"0.00"},{"v":0,"d":"0.0000"},{"v":0,"d":"0.00"},{"v":40,"d":"40.00"},{"v":1,"d":"1.0000"},{"v":40,"d":"40.00"}]
[null,"021","Пластиковая этажерка на колесах","07010210342000244","4","шт",{"v":12.5,"d":"12.50"},{"v":4,"d":"4.0000"},{"v":50,"d":"50.00"},{"v":0,"d":"0.0000"},{"v":0,"d":"0.00"},{"v":0,"d":"0.0000"},{"v":0,"d":"0.00"},{"v":12.5,"d":"12.50"},{"v":4,"d":"4.0000"},{"v":50,"d":"50.00"}]
[null,"10535","Платье Снегур","07010210342000244","4","шт",{"v":210,"d":"210.00"},{"v":1,"d":"1.0000"},{"v":210,"d":"210.00"},{"v":0,"d":"0.0000"},{"v":0,"d":"0.00"},{"v":0,"d":"0.0000"},{"v":0,"d":"0.00"},{"v":210,"d":"210.00"},{"v":1,"d":"1.0000"},{"v":210,"d":"210.00"}]
[null,"10535","Пододеяльник","07010210342000244","4","шт",108.29,{"v":60,"d":"60.0000"},6497.69,{"v":0,"d":"0.0000"},{"v":0,"d":"0.00"},{"v":0,"d":"0.0000"},{"v":0,"d":"0.00"},108.29,{"v":60,"d":"60.0000"},6497.69]
[null,"021","Подставка для цветов б/у","07010210342000244","4","шт",{"v":40,"d":"40.00"},{"v":1,"d":"1.0000"},{"v":40,"d":"40.00"},{"v":0,"d":"0.0000"},{"v":0,"d":"0.00"},{"v":0,"d":"0.0000"},{"v":0,"d":"0.00"},{"v":40,"d":"40.00"},{"v":1,"d":"1.0000"},{"v":40,"d":"40.00"}]
[null,"10535","Подушка наполн. \"холофайбер\" бязь, разм.40*60","07010210342000244","4","шт",{"v":235,"d":"235.00"},{"v":60,"d":"60.0000"},{"v":14100,"d":"14100.00"},{"v":0,"d":"0.0000"},{"v":0,"d":"0.00"},{"v":0,"d":"0.0000"},{"v":0,"d":"0.00"},{"v":235,"d":"235.00"},{"v":60,"d":"60.0000"},{"v":14100,"d":"14100.00"}]
[null,"10535","Покрывало","07010210342000244","4","шт",169.83,{"v":60,"d":"60.0000"},10189.99,{"v":0,"d":"0.0000"},{"v":0,"d":"0.00"},{"v":0,"d":"0.0000"},{"v":0,"d":"0.00"},169.83,{"v":60,"d":"60.0000"},10189.99]
[null,"021","Полка б/у для ведер 2гр","07010210342000244","4","шт",{"v":30,"d":"30.00"},{"v":1,"d":"1.0000"},{"v":30,"d":"30.00"},{"v":0,"d":"0.0000"},{"v":0,"d":"0.00"},{"v":0,"d":"0.0000"},{"v":0,"d":"0.00"},{"v":30,"d":"30.00"},{"v":1,"d":"1.0000"},{"v":30,"d":"30.00"}]
[null,"021","Полка д/книг б/у","07010210342000244","4","шт",16.66,{"v":2,"d":"2.0000"},33.33,{"v":0,"d":"0.0000"},{"v":0,"d":"0.00"},{"v":0,"d":"0.0000"},{"v":0,"d":"0.00"},16.66,{"v":2,"d":"2.0000"},33.33]
[null,"021","Полка навесная для книг","07010210342000244","4","шт",{"v":30,"d":"30.00"},{"v":1,"d":"1.0000"},{"v":30,"d":"30.00"},{"v":0,"d":"0.0000"},{"v":0,"d":"0.00"},{"v":0,"d":"0.0000"},{"v":0,"d":"0.00"},{"v":30,"d":"30.00"},{"v":1,"d":"1.0000"},{"v":30,"d":"30.00"}]
[null,"021","Полки для обуви б/у","07010210342000244","4","шт",33.33,{"v":3,"d":"3.0000"},{"v":100,"d":"100.00"},{"v":0,"d":"0.0000"},{"v":0,"d":"0.00"},{"v":0,"d":"0.0000"},{"v":0,"d":"0.00"},33.33,{"v":3,"d":"3.0000"},{"v":100,"d":"100.00"}]
[null,"10535","Полотенце","07010210342000244","4","шт",{"v":12.3,"d":"12.30"},{"v":23,"d":"23.0000"},282.96,{"v":0,"d":"0.0000"},{"v":0,"d":"0.00"},{"v":0,"d":"0.0000"},{"v":0,"d":"0.00"},{"v":12.3,"d":"12.30"},{"v":23,"d":"23.0000"},282.96]
[null,"10535","Полотенце махр.","07010210342000244","4","шт",{"v":60,"d":"60.00"},{"v":43,"d":"43.0000"},{"v":2580,"d":"2580.00"},{"v":0,"d":"0.0000"},{"v":0,"d":"0.00"},{"v":0,"d":"0.0000"},{"v":0,"d":"0.00"},{"v":60,"d":"60.00"},{"v":43,"d":"43.0000"},{"v":2580,"d":"2580.00"}]
[null,"021","Поставка пожарно-технической продукции (Самоспасатель Феникс-2)","07017700023000244","4","усл. ед",{"v":2540,"d":"2540.00"},{"v":2,"d":"2.0000"},{"v":5080,"d":"5080.00"},{"v":0,"d":"0.0000"},{"v":0,"d":"0.00"},{"v":0,"d":"0.0000"},{"v":0,"d":"0.00"},{"v":2540,"d":"2540.00"},{"v":2,"d":"2.0000"},{"v":5080,"d":"5080.00"}]
[null,"021","Принтер б/у","07010210342000244","4","шт",{"v":4000,"d":"4000.00"},{"v":1,"d":"1.0000"},{"v":4000,"d":"4000.00"},{"v":0,"d":"0.0000"},{"v":0,"d":"0.00"},{"v":0,"d":"0.0000"},{"v":0,"d":"0.00"},{"v":4000,"d":"4000.00"},{"v":1,"d":"1.0000"},{"v":4000,"d":"4000.00"}]
[null,"021","Принтер лазерный HP Laser Jet Pro М104а А4 600*600","07010210342000244","2","шт",{"v":6349,"d":"6349.00"},{"v":1,"d":"1.0000"},{"v":6349,"d":"6349.00"},{"v":0,"d":"0.0000"},{"v":0,"d":"0.00"},{"v":0,"d":"0.0000"},{"v":0,"d":"0.00"},{"v":6349,"d":"6349.00"},{"v":1,"d":"1.0000"},{"v":6349,"d":"6349.00"}]
[null,"10536","продукты питания","07010210342000244","4","руб",{"v":0,"d":"0.00"},{"v":2,"d":"2.0000"},{"v":0,"d":"0.00"},{"v":0,"d":"0.0000"},{"v":0,"d":"0.00"},{"v":0,"d":"0.0000"},{"v":0,"d":"0.00"},{"v":0,"d":"0.00"},{"v":2,"d":"2.0000"},{"v":0,"d":"0.00"}]
[null,"10535","Простыня","07010210342000244","4","шт",110.95,{"v":60,"d":"60.0000"},6657.27,{"v":0,"d":"0.0000"},{"v":0,"d":"0.00"},{"v":0,"d":"0.0000"},{"v":0,"d":"0.00"},110.95,{"v":60,"d":"60.0000"},6657.27]
[null,"10531","Раствор для рук антибакт 250мл","07010210342000244","4","шт",{"v":430,"d":"430.00"},{"v":7,"d":"7.0000"},{"v":3010,"d":"3010.00"},{"v":0,"d":"0.0000"},{"v":0,"d":"0.00"},{"v":0,"d":"0.0000"},{"v":0,"d":"0.00"},{"v":430,"d":"430.00"},{"v":7,"d":"7.0000"},{"v":3010,"d":"3010.00"}]
[null,"10536","Региональная образовательная программа дошкольного образования","07010210342000244","4","шт",{"v":301,"d":"301.00"},{"v":1,"d":"1.0000"},{"v":301,"d":"301.00"},{"v":0,"d":"0.0000"},{"v":0,"d":"0.00"},{"v":0,"d":"0.0000"},{"v":0,"d":"0.00"},{"v":301,"d":"301.00"},{"v":1,"d":"1.0000"},{"v":301,"d":"301.00"}]
[null,"021","ростомер","07010210342000244","4","шт",{"v":800,"d":"800.00"},{"v":1,"d":"1.0000"},{"v":800,"d":"800.00"},{"v":0,"d":"0.0000"},{"v":0,"d":"0.00"},{"v":0,"d":"0.0000"},{"v":0,"d":"0.00"},{"v":800,"d":"800.00"},{"v":1,"d":"1.0000"},{"v":800,"d":"800.00"}]
[null,"10536","Салфетка спирт. антисепт. 3*6","07010210342000244","4","шт",{"v":2.5,"d":"2.50"},{"v":10,"d":"10.0000"},{"v":25,"d":"25.00"},{"v":0,"d":"0.0000"},{"v":0,"d":"0.00"},{"v":0,"d":"0.0000"},{"v":0,"d":"0.00"},{"v":2.5,"d":"2.50"},{"v":10,"d":"10.0000"},{"v":25,"d":"25.00"}]
[null,"10536","Салфетки бумажные","070202202S0050244","4","шт",{"v":17,"d":"17.00"},{"v":17,"d":"17.0000"},{"v":289,"d":"289.00"},{"v":0,"d":"0.0000"},{"v":0,"d":"0.00"},{"v":0,"d":"0.0000"},{"v":0,"d":"0.00"},{"v":17,"d":"17.00"},{"v":17,"d":"17.0000"},{"v":289,"d":"289.00"}]
[null,"021","Самодельные полки на ножках б/у","07010210342000244","4","шт",{"v":17.5,"d":"17.50"},{"v":2,"d":"2.0000"},{"v":35,"d":"35.00"},{"v":0,"d":"0.0000"},{"v":0,"d":"0.00"},{"v":0,"d":"0.0000"},{"v":0,"d":"0.00"},{"v":17.5,"d":"17.50"},{"v":2,"d":"2.0000"},{"v":35,"d":"35.00"}]
[null,"10536","санфор 0,750л","070202202S0050244","4","шт",{"v":120,"d":"120.00"},{"v":90,"d":"90.0000"},{"v":10800,"d":"10800.00"},{"v":0,"d":"0.0000"},{"v":0,"d":"0.00"},{"v":0,"d":"0.0000"},{"v":0,"d":"0.00"},{"v":120,"d":"120.00"},{"v":90,"d":"90.0000"},{"v":10800,"d":"10800.00"}]
[null,"021","Синтезатор б/у","07010210342000244","4","шт",{"v":5000,"d":"5000.00"},{"v":1,"d":"1.0000"},{"v":5000,"d":"5000.00"},{"v":0,"d":"0.0000"},{"v":0,"d":"0.00"},{"v":0,"d":"0.0000"},{"v":0,"d":"0.00"},{"v":5000,"d":"5000.00"},{"v":1,"d":"1.0000"},{"v":5000,"d":"5000.00"}]
[null,"10536","Сито железное","07010210342000244","2","шт",{"v":190,"d":"190.00"},{"v":2,"d":"2.0000"},{"v":380,"d":"380.00"},{"v":0,"d":"0.0000"},{"v":0,"d":"0.00"},{"v":0,"d":"0.0000"},{"v":0,"d":"0.00"},{"v":190,"d":"190.00"},{"v":2,"d":"2.0000"},{"v":380,"d":"380.00"}]
[null,"10536","скакалка","07010210342000244","4","шт",{"v":59,"d":"59.00"},{"v":8,"d":"8.0000"},{"v":472,"d":"472.00"},{"v":0,"d":"0.0000"},{"v":0,"d":"0.00"},{"v":0,"d":"0.0000"},{"v":0,"d":"0.00"},{"v":59,"d":"59.00"},{"v":8,"d":"8.0000"},{"v":472,"d":"472.00"}]
[null,"021","Скамья б/у","07010210342000244","4","шт",{"v":25,"d":"25.00"},{"v":2,"d":"2.0000"},{"v":50,"d":"50.00"},{"v":0,"d":"0.0000"},{"v":0,"d":"0.00"},{"v":0,"d":"0.0000"},{"v":0,"d":"0.00"},{"v":25,"d":"25.00"},{"v":2,"d":"2.0000"},{"v":50,"d":"50.00"}]
[null,"10536","Сковорода","07010210342000244","4","шт",274.67,{"v":3,"d":"3.0000"},{"v":824,"d":"824.00"},{"v":0,"d":"0.0000"},{"v":0,"d":"0.00"},{"v":0,"d":"0.0000"},{"v":0,"d":"0.00"},274.67,{"v":3,"d":"3.0000"},{"v":824,"d":"824.00"}]
[null,"10536","скотч металлизиров 50*50","07010210342000244","4","шт",{"v":150,"d":"150.00"},{"v":1,"d":"1.0000"},{"v":150,"d":"150.00"},{"v":0,"d":"0.0000"},{"v":0,"d":"0.00"},{"v":0,"d":"0.0000"},{"v":0,"d":"0.00"},{"v":150,"d":"150.00"},{"v":1,"d":"1.0000"},{"v":150,"d":"150.00"}]
[null,"10536","слив для унитаза","07010210342000244","4","шт",{"v":299,"d":"299.00"},{"v":15,"d":"15.0000"},{"v":4485,"d":"4485.00"},{"v":0,"d":"0.0000"},{"v":0,"d":"0.00"},{"v":0,"d":"0.0000"},{"v":0,"d":"0.00"},{"v":299,"d":"299.00"},{"v":15,"d":"15.0000"},{"v":4485,"d":"4485.00"}]
[null,"10536","Совок для сыпучих продуктов","07010210342000244","4","шт",{"v":25,"d":"25.00"},{"v":1,"d":"1.0000"},{"v":25,"d":"25.00"},{"v":0,"d":"0.0000"},{"v":0,"d":"0.00"},{"v":0,"d":"0.0000"},{"v":0,"d":"0.00"},{"v":25,"d":"25.00"},{"v":1,"d":"1.0000"},{"v":25,"d":"25.00"}]
[null,"10536","Сода кальцинированная","07010210342000244","2","шт",{"v":51,"d":"51.00"},{"v":15,"d":"15.0000"},{"v":765,"d":"765.00"},{"v":0,"d":"0.0000"},{"v":0,"d":"0.00"},{"v":0,"d":"0.0000"},{"v":0,"d":"0.00"},{"v":51,"d":"51.00"},{"v":15,"d":"15.0000"},{"v":765,"d":"765.00"}]
[null,"021","Спирометр","07010210342000244","4","шт",{"v":2900,"d":"2900.00"},{"v":1,"d":"1.0000"},{"v":2900,"d":"2900.00"},{"v":0,"d":"0.0000"},{"v":0,"d":"0.00"},{"v":0,"d":"0.0000"},{"v":0,"d":"0.00"},{"v":2900,"d":"2900.00"},{"v":1,"d":"1.0000"},{"v":2900,"d":"2900.00"}]
[null,"10536","Средство дезинф.с моющим эффектом Ника-2","070202202S0050244","4","шт",{"v":170,"d":"170.00"},{"v":3,"d":"3.0000"},{"v":510,"d":"510.00"},{"v":0,"d":"0.0000"},{"v":0,"d":"0.00"},{"v":0,"d":"0.0000"},{"v":0,"d":"0.00"},{"v":170,"d":"170.00"},{"v":3,"d":"3.0000"},{"v":510,"d":"510.00"}]
[null,"10536","Стаканчик к дез,средству","07010210342000244","4","шт",{"v":1.7,"d":"1.70"},{"v":1,"d":"1.0000"},{"v":1.7,"d":"1.70"},{"v":0,"d":"0.0000"},{"v":0,"d":"0.00"},{"v":0,"d":"0.0000"},{"v":0,"d":"0.00"},{"v":1.7,"d":"1.70"},{"v":1,"d":"1.0000"},{"v":1.7,"d":"1.70"}]
[null,"021","Стеллаж дерев для белья б/у","07010210342000244","4","шт",{"v":30,"d":"30.00"},{"v":1,"d":"1.0000"},{"v":30,"d":"30.00"},{"v":0,"d":"0.0000"},{"v":0,"d":"0.00"},{"v":0,"d":"0.0000"},{"v":0,"d":"0.00"},{"v":30,"d":"30.00"},{"v":1,"d":"1.0000"},{"v":30,"d":"30.00"}]
[null,"021","Стеллаж для инвентаря","07010210342000244","4","шт",{"v":20,"d":"20.00"},{"v":2,"d":"2.0000"},{"v":40,"d":"40.00"},{"v":0,"d":"0.0000"},{"v":0,"d":"0.00"},{"v":0,"d":"0.0000"},{"v":0,"d":"0.00"},{"v":20,"d":"20.00"},{"v":2,"d":"2.0000"},{"v":40,"d":"40.00"}]
[null,"021","Стеллаж металлический","07010210342000244","4","шт",{"v":40,"d":"40.00"},{"v":1,"d":"1.0000"},{"v":40,"d":"40.00"},{"v":0,"d":"0.0000"},{"v":0,"d":"0.00"},{"v":0,"d":"0.0000"},{"v":0,"d":"0.00"},{"v":40,"d":"40.00"},{"v":1,"d":"1.0000"},{"v":40,"d":"40.00"}]
[null,"021","Стол кухонный разд.  б/у","07010210342000244","4","шт",33.33,{"v":3,"d":"3.0000"},{"v":100,"d":"100.00"},{"v":0,"d":"0.0000"},{"v":0,"d":"0.00"},{"v":0,"d":"0.0000"},{"v":0,"d":"0.00"},33.33,{"v":3,"d":"3.0000"},{"v":100,"d":"100.00"}]
[null,"021","Стол разд. метал. б/у","07010210342000244","4","шт",{"v":100,"d":"100.00"},{"v":1,"d":"1.0000"},{"v":100,"d":"100.00"},{"v":0,"d":"0.0000"},{"v":0,"d":"0.00"},{"v":0,"d":"0.0000"},{"v":0,"d":"0.00"},{"v":100,"d":"100.00"},{"v":1,"d":"1.0000"},{"v":100,"d":"100.00"}]
[null,"021","Стол ученическая","07010210342000244","4","шт",2462.28,{"v":3,"d":"3.0000"},7386.83,{"v":0,"d":"0.0000"},{"v":0,"d":"0.00"},{"v":0,"d":"0.0000"},{"v":0,"d":"0.00"},2462.28,{"v":3,"d":"3.0000"},7386.83]
[null,"021","столы","07010210342000244","4","шт",{"v":400,"d":"400.00"},{"v":9,"d":"9.0000"},{"v":3600,"d":"3600.00"},{"v":0,"d":"0.0000"},{"v":0,"d":"0.00"},{"v":0,"d":"0.0000"},{"v":0,"d":"0.00"},{"v":400,"d":"400.00"},{"v":9,"d":"9.0000"},{"v":3600,"d":"3600.00"}]
[null,"021","столы дет","07010210342000244","4","шт",{"v":21.5,"d":"21.50"},{"v":8,"d":"8.0000"},{"v":172,"d":"172.00"},{"v":0,"d":"0.0000"},{"v":0,"d":"0.00"},{"v":0,"d":"0.0000"},{"v":0,"d":"0.00"},{"v":21.5,"d":"21.50"},{"v":8,"d":"8.0000"},{"v":172,"d":"172.00"}]
[null,"021","столы дет","07020220242100244","4","шт",{"v":100,"d":"100.00"},{"v":4,"d":"4.0000"},{"v":400,"d":"400.00"},{"v":0,"d":"0.0000"},{"v":0,"d":"0.00"},{"v":0,"d":"0.0000"},{"v":0,"d":"0.00"},{"v":100,"d":"100.00"},{"v":4,"d":"4.0000"},{"v":400,"d":"400.00"}]
[null,"021","Столы преподователей","07010210342000244","4","шт",{"v":2743.2,"d":"2743.20"},{"v":1,"d":"1.0000"},{"v":2743.2,"d":"2743.20"},{"v":0,"d":"0.0000"},{"v":0,"d":"0.00"},{"v":0,"d":"0.0000"},{"v":0,"d":"0.00"},{"v":2743.2,"d":"2743.20"},{"v":1,"d":"1.0000"},{"v":2743.2,"d":"2743.20"}]
[null,"021","Стул железный ученический","07010210342000244","4","шт",{"v":20,"d":"20.00"},{"v":2,"d":"2.0000"},{"v":40,"d":"40.00"},{"v":0,"d":"0.0000"},{"v":0,"d":"0.00"},{"v":0,"d":"0.0000"},{"v":0,"d":"0.00"},{"v":20,"d":"20.00"},{"v":2,"d":"2.0000"},{"v":40,"d":"40.00"}]
[null,"021","стулья","07010210342000244","4","шт",{"v":65,"d":"65.00"},{"v":35,"d":"35.0000"},{"v":2275,"d":"2275.00"},{"v":0,"d":"0.0000"},{"v":0,"d":"0.00"},{"v":0,"d":"0.0000"},{"v":0,"d":"0.00"},{"v":65,"d":"65.00"},{"v":35,"d":"35.0000"},{"v":2275,"d":"2275.00"}]
[null,"021","стулья дет","07010210342000244","4","шт",134.08,{"v":2,"d":"2.0000"},268.16,{"v":0,"d":"0.0000"},{"v":0,"d":"0.00"},{"v":0,"d":"0.0000"},{"v":0,"d":"0.00"},134.08,{"v":2,"d":"2.0000"},268.16]
[null,"021","Сумка холодильник","07010210342000244","4","шт",{"v":1400,"d":"1400.00"},{"v":1,"d":"1.0000"},{"v":1400,"d":"1400.00"},{"v":0,"d":"0.0000"},{"v":0,"d":"0.00"},{"v":0,"d":"0.0000"},{"v":0,"d":"0.00"},{"v":1400,"d":"1400.00"},{"v":1,"d":"1.0000"},{"v":1400,"d":"1400.00"}]
[null,"021","Сушилка для полотенец","07010210342000244","4","шт",{"v":5,"d":"5.00"},{"v":6,"d":"6.0000"},{"v":30,"d":"30.00"},{"v":0,"d":"0.0000"},{"v":0,"d":"0.00"},{"v":0,"d":"0.0000"},{"v":0,"d":"0.00"},{"v":5,"d":"5.00"},{"v":6,"d":"6.0000"},{"v":30,"d":"30.00"}]
[null,"021","Сушилка для посуды","07010210342000244","4","шт",{"v":17.5,"d":"17.50"},{"v":2,"d":"2.0000"},{"v":35,"d":"35.00"},{"v":0,"d":"0.0000"},{"v":0,"d":"0.00"},{"v":0,"d":"0.0000"},{"v":0,"d":"0.00"},{"v":17.5,"d":"17.50"},{"v":2,"d":"2.0000"},{"v":35,"d":"35.00"}]
[null,"021","Сушка для посуды б/у","07010210342000244","4","шт",{"v":50,"d":"50.00"},{"v":2,"d":"2.0000"},{"v":100,"d":"100.00"},{"v":0,"d":"0.0000"},{"v":0,"d":"0.00"},{"v":0,"d":"0.0000"},{"v":0,"d":"0.00"},{"v":50,"d":"50.00"},{"v":2,"d":"2.0000"},{"v":100,"d":"100.00"}]
[null,"021","счетчик для воды СВМТ-40 Бетар","07010210342000244","4","шт",{"v":6910,"d":"6910.00"},{"v":1,"d":"1.0000"},{"v":6910,"d":"6910.00"},{"v":0,"d":"0.0000"},{"v":0,"d":"0.00"},{"v":0,"d":"0.0000"},{"v":0,"d":"0.00"},{"v":6910,"d":"6910.00"},{"v":1,"d":"1.0000"},{"v":6910,"d":"6910.00"}]
[null,"021","Счеты игровые","07010210342000244","4","шт",{"v":50,"d":"50.00"},{"v":1,"d":"1.0000"},{"v":50,"d":"50.00"},{"v":0,"d":"0.0000"},{"v":0,"d":"0.00"},{"v":0,"d":"0.0000"},{"v":0,"d":"0.00"},{"v":50,"d":"50.00"},{"v":1,"d":"1.0000"},{"v":50,"d":"50.00"}]
[null,"021","таблица","07010210342000244","4","шт",{"v":168.8,"d":"168.80"},{"v":1,"d":"1.0000"},{"v":168.8,"d":"168.80"},{"v":0,"d":"0.0000"},{"v":0,"d":"0.00"},{"v":0,"d":"0.0000"},{"v":0,"d":"0.00"},{"v":168.8,"d":"168.80"},{"v":1,"d":"1.0000"},{"v":168.8,"d":"168.80"}]
[null,"021","Таблица остота зрения","07010210342000244","4","шт",{"v":2400,"d":"2400.00"},{"v":1,"d":"1.0000"},{"v":2400,"d":"2400.00"},{"v":0,"d":"0.0000"},{"v":0,"d":"0.00"},{"v":0,"d":"0.0000"},{"v":0,"d":"0.00"},{"v":2400,"d":"2400.00"},{"v":1,"d":"1.0000"},{"v":2400,"d":"2400.00"}]
[null,"021","Таблички 400*600 мм","07010210342000244","4","шт",{"v":1500,"d":"1500.00"},{"v":2,"d":"2.0000"},{"v":3000,"d":"3000.00"},{"v":0,"d":"0.0000"},{"v":0,"d":"0.00"},{"v":0,"d":"0.0000"},{"v":0,"d":"0.00"},{"v":1500,"d":"1500.00"},{"v":2,"d":"2.0000"},{"v":3000,"d":"3000.00"}]
[null,"021","Табуретки б/у","07010210342000244","4","шт",5.71,{"v":7,"d":"7.0000"},{"v":40,"d":"40.00"},{"v":0,"d":"0.0000"},{"v":0,"d":"0.00"},{"v":0,"d":"0.0000"},{"v":0,"d":"0.00"},5.71,{"v":7,"d":"7.0000"},{"v":40,"d":"40.00"}]
[null,"10536","Таз","07010210342000244","4","шт",58.54,{"v":14,"d":"14.0000"},819.56,{"v":0,"d":"0.0000"},{"v":0,"d":"0.00"},{"v":0,"d":"0.0000"},{"v":0,"d":"0.00"},58.54,{"v":14,"d":"14.0000"},819.56]
[null,"10536","Таз ал.","07010210342000244","4","шт",{"v":187,"d":"187.00"},{"v":2,"d":"2.0000"},{"v":374,"d":"374.00"},{"v":0,"d":"0.0000"},{"v":0,"d":"0.00"},{"v":0,"d":"0.0000"},{"v":0,"d":"0.00"},{"v":187,"d":"187.00"},{"v":2,"d":"2.0000"},{"v":374,"d":"374.00"}]
[null,"10536","Таз п/э 5 л","07010210342000244","4","шт",{"v":60,"d":"60.00"},{"v":1,"d":"1.0000"},{"v":60,"d":"60.00"},{"v":0,"d":"0.0000"},{"v":0,"d":"0.00"},{"v":0,"d":"0.0000"},{"v":0,"d":"0.00"},{"v":60,"d":"60.00"},{"v":1,"d":"1.0000"},{"v":60,"d":"60.00"}]
[null,"10536","Таз пл.","07010210342000244","2","шт",{"v":45,"d":"45.00"},{"v":4,"d":"4.0000"},{"v":180,"d":"180.00"},{"v":0,"d":"0.0000"},{"v":0,"d":"0.00"},{"v":0,"d":"0.0000"},{"v":0,"d":"0.00"},{"v":45,"d":"45.00"},{"v":4,"d":"4.0000"},{"v":180,"d":"180.00"}]
[null,"10536","Таз эмаль 9л","07010210342000244","4","шт",{"v":212,"d":"212.00"},{"v":2,"d":"2.0000"},{"v":424,"d":"424.00"},{"v":0,"d":"0.0000"},{"v":0,"d":"0.00"},{"v":0,"d":"0.0000"},{"v":0,"d":"0.00"},{"v":212,"d":"212.00"},{"v":2,"d":"2.0000"},{"v":424,"d":"424.00"}]
[null,"021","тазик почкообраз","07010210342000244","4","шт",{"v":104.5,"d":"104.50"},{"v":1,"d":"1.0000"},{"v":104.5,"d":"104.50"},{"v":0,"d":"0.0000"},{"v":0,"d":"0.00"},{"v":0,"d":"0.0000"},{"v":0,"d":"0.00"},{"v":104.5,"d":"104.50"},{"v":1,"d":"1.0000"},{"v":104.5,"d":"104.50"}]
[null,"10536","Тарелка  для второго","07010210342000244","4","шт",{"v":56.8,"d":"56.80"},{"v":44,"d":"44.0000"},{"v":2499.2,"d":"2499.20"},{"v":0,"d":"0.0000"},{"v":0,"d":"0.00"},{"v":0,"d":"0.0000"},{"v":0,"d":"0.00"},{"v":56.8,"d":"56.80"},{"v":44,"d":"44.0000"},{"v":2499.2,"d":"2499.20"}]
[null,"10536","Тарелки","07010210342000244","4","шт",24.56,{"v":22,"d":"22.0000"},540.41,{"v":0,"d":"0.0000"},{"v":0,"d":"0.00"},{"v":0,"d":"0.0000"},{"v":0,"d":"0.00"},24.56,{"v":22,"d":"22.0000"},540.41]
[null,"10536","Тарелки для 1 блюд","07010210342000244","4","шт",48.76,{"v":140,"d":"140.0000"},{"v":6826.6,"d":"6826.60"},{"v":0,"d":"0.0000"},{"v":0,"d":"0.00"},{"v":0,"d":"0.0000"},{"v":0,"d":"0.00"},48.76,{"v":140,"d":"140.0000"},{"v":6826.6,"d":"6826.60"}]
[null,"021","Телефонный аппарат с определителем","07010210342000244","4","шт",{"v":1200,"d":"1200.00"},{"v":1,"d":"1.0000"},{"v":1200,"d":"1200.00"},{"v":0,"d":"0.0000"},{"v":0,"d":"0.00"},{"v":0,"d":"0.0000"},{"v":0,"d":"0.00"},{"v":1200,"d":"1200.00"},{"v":1,"d":"1.0000"},{"v":1200,"d":"1200.00"}]
[null,"10536","Терка комбинированная","07010210342000244","4","шт",{"v":61,"d":"61.00"},{"v":1,"d":"1.0000"},{"v":61,"d":"61.00"},{"v":0,"d":"0.0000"},{"v":0,"d":"0.00"},{"v":0,"d":"0.0000"},{"v":0,"d":"0.00"},{"v":61,"d":"61.00"},{"v":1,"d":"1.0000"},{"v":61,"d":"61.00"}]
[null,"021","топор","07010210342000244","4","шт",{"v":102,"d":"102.00"},{"v":1,"d":"1.0000"},{"v":102,"d":"102.00"},{"v":0,"d":"0.0000"},{"v":0,"d":"0.00"},{"v":0,"d":"0.0000"},{"v":0,"d":"0.00"},{"v":102,"d":"102.00"},{"v":1,"d":"1.0000"},{"v":102,"d":"102.00"}]
[null,"021","триммер бензиновый","07020220242100244","4","усл. ед",{"v":8490,"d":"8490.00"},{"v":1,"d":"1.0000"},{"v":8490,"d":"8490.00"},{"v":0,"d":"0.0000"},{"v":0,"d":"0.00"},{"v":0,"d":"0.0000"},{"v":0,"d":"0.00"},{"v":8490,"d":"8490.00"},{"v":1,"d":"1.0000"},{"v":8490,"d":"8490.00"}]
[null,"10536","тройник пп 110*110/45","07010210342000244","4","шт",{"v":201.5,"d":"201.50"},{"v":1,"d":"1.0000"},{"v":201.5,"d":"201.50"},{"v":0,"d":"0.0000"},{"v":0,"d":"0.00"},{"v":0,"d":"0.0000"},{"v":0,"d":"0.00"},{"v":201.5,"d":"201.50"},{"v":1,"d":"1.0000"},{"v":201.5,"d":"201.50"}]
[null,"10536","тройник пп 110*110/87","07010210342000244","4","шт",{"v":139,"d":"139.00"},{"v":12,"d":"12.0000"},{"v":1668,"d":"1668.00"},{"v":0,"d":"0.0000"},{"v":0,"d":"0.00"},{"v":0,"d":"0.0000"},{"v":0,"d":"0.00"},{"v":139,"d":"139.00"},{"v":12,"d":"12.0000"},{"v":1668,"d":"1668.00"}]
[null,"10536","тройник пп 110*50/87","07010210342000244","4","шт",{"v":187,"d":"187.00"},{"v":10,"d":"10.0000"},{"v":1870,"d":"1870.00"},{"v":0,"d":"0.0000"},{"v":0,"d":"0.00"},{"v":0,"d":"0.0000"},{"v":0,"d":"0.00"},{"v":187,"d":"187.00"},{"v":10,"d":"10.0000"},{"v":1870,"d":"1870.00"}]
[null,"10536","тройник пп 50*50/87","07010210342000244","4","шт",{"v":100,"d":"100.00"},{"v":16,"d":"16.0000"},{"v":1600,"d":"1600.00"},{"v":0,"d":"0.0000"},{"v":0,"d":"0.00"},{"v":0,"d":"0.0000"},{"v":0,"d":"0.00"},{"v":100,"d":"100.00"},{"v":16,"d":"16.0000"},{"v":1600,"d":"1600.00"}]
[null,"10536","труба  с раструбом ПП 110*2000","07010210342000244","4","шт",{"v":499,"d":"499.00"},{"v":7,"d":"7.0000"},{"v":3493,"d":"3493.00"},{"v":0,"d":"0.0000"},{"v":0,"d":"0.00"},{"v":0,"d":"0.0000"},{"v":0,"d":"0.00"},{"v":499,"d":"499.00"},{"v":7,"d":"7.0000"},{"v":3493,"d":"3493.00"}]
[null,"10536","труба 25*25*2","07010210342000244","4","шт",{"v":138,"d":"138.00"},{"v":13,"d":"13.0000"},{"v":1794,"d":"1794.00"},{"v":0,"d":"0.0000"},{"v":0,"d":"0.00"},{"v":0,"d":"0.0000"},{"v":0,"d":"0.00"},{"v":138,"d":"138.00"},{"v":13,"d":"13.0000"},{"v":1794,"d":"1794.00"}]
[null,"10536","труба PN 25-20 внутр.армировка","07010210342000244","4","шт",{"v":178,"d":"178.00"},{"v":1,"d":"1.0000"},{"v":178,"d":"178.00"},{"v":0,"d":"0.0000"},{"v":0,"d":"0.00"},{"v":0,"d":"0.0000"},{"v":0,"d":"0.00"},{"v":178,"d":"178.00"},{"v":1,"d":"1.0000"},{"v":178,"d":"178.00"}]
[null,"10536","труба с раструбом 110*3000","07010210342000244","4","шт",{"v":699,"d":"699.00"},{"v":3,"d":"3.0000"},{"v":2097,"d":"2097.00"},{"v":0,"d":"0.0000"},{"v":0,"d":"0.00"},{"v":0,"d":"0.0000"},{"v":0,"d":"0.00"},{"v":699,"d":"699.00"},{"v":3,"d":"3.0000"},{"v":2097,"d":"2097.00"}]
[null,"10536","труба с раструбом 50*3000","07010210342000244","4","шт",{"v":377,"d":"377.00"},{"v":3,"d":"3.0000"},{"v":1131,"d":"1131.00"},{"v":0,"d":"0.0000"},{"v":0,"d":"0.00"},{"v":0,"d":"0.0000"},{"v":0,"d":"0.00"},{"v":377,"d":"377.00"},{"v":3,"d":"3.0000"},{"v":1131,"d":"1131.00"}]
[null,"10536","труба с раструбом пп 110*1000","07010210342000244","4","шт",{"v":289,"d":"289.00"},{"v":2,"d":"2.0000"},{"v":578,"d":"578.00"},{"v":0,"d":"0.0000"},{"v":0,"d":"0.00"},{"v":0,"d":"0.0000"},{"v":0,"d":"0.00"},{"v":289,"d":"289.00"},{"v":2,"d":"2.0000"},{"v":578,"d":"578.00"}]
[null,"10536","труба с раструбом пп 50*1000","07010210342000244","4","шт",{"v":109,"d":"109.00"},{"v":2,"d":"2.0000"},{"v":218,"d":"218.00"},{"v":0,"d":"0.0000"},{"v":0,"d":"0.00"},{"v":0,"d":"0.0000"},{"v":0,"d":"0.00"},{"v":109,"d":"109.00"},{"v":2,"d":"2.0000"},{"v":218,"d":"218.00"}]
[null,"10536","труба с раструбом пп 50*2000","07010210342000244","4","шт",{"v":268.5,"d":"268.50"},{"v":10,"d":"10.0000"},{"v":2685,"d":"2685.00"},{"v":0,"d":"0.0000"},{"v":0,"d":"0.00"},{"v":0,"d":"0.0000"},{"v":0,"d":"0.00"},{"v":268.5,"d":"268.50"},{"v":10,"d":"10.0000"},{"v":2685,"d":"2685.00"}]
[null,"10536","Туалетная бумага","07010210342000244","2","шт",{"v":21,"d":"21.00"},{"v":30,"d":"30.0000"},{"v":630,"d":"630.00"},{"v":0,"d":"0.0000"},{"v":0,"d":"0.00"},{"v":0,"d":"0.0000"},{"v":0,"d":"0.00"},{"v":21,"d":"21.00"},{"v":30,"d":"30.0000"},{"v":630,"d":"630.00"}]
[null,"021","Тумбочка б/у","07010210342000244","4","шт",{"v":50,"d":"50.00"},{"v":1,"d":"1.0000"},{"v":50,"d":"50.00"},{"v":0,"d":"0.0000"},{"v":0,"d":"0.00"},{"v":0,"d":"0.0000"},{"v":0,"d":"0.00"},{"v":50,"d":"50.00"},{"v":1,"d":"1.0000"},{"v":50,"d":"50.00"}]
[null,"10535","Тюлевые занавески в кухне","07010210342000244","4","шт",443.33,{"v":3,"d":"3.0000"},{"v":1330,"d":"1330.00"},{"v":0,"d":"0.0000"},{"v":0,"d":"0.00"},{"v":0,"d":"0.0000"},{"v":0,"d":"0.00"},443.33,{"v":3,"d":"3.0000"},{"v":1330,"d":"1330.00"}]
[null,"10536","Тюли гард","07010210342000244","4","м",{"v":190,"d":"190.00"},{"v":4,"d":"4.0000"},{"v":760,"d":"760.00"},{"v":0,"d":"0.0000"},{"v":0,"d":"0.00"},{"v":0,"d":"0.0000"},{"v":0,"d":"0.00"},{"v":190,"d":"190.00"},{"v":4,"d":"4.0000"},{"v":760,"d":"760.00"}]
[null,"021","Уголок парикмахера","07010210342000244","4","шт",{"v":200,"d":"200.00"},{"v":1,"d":"1.0000"},{"v":200,"d":"200.00"},{"v":0,"d":"0.0000"},{"v":0,"d":"0.00"},{"v":0,"d":"0.0000"},{"v":0,"d":"0.00"},{"v":200,"d":"200.00"},{"v":1,"d":"1.0000"},{"v":200,"d":"200.00"}]
[null,"10536","Удлинитель","07010210342000244","4","шт",{"v":84,"d":"84.00"},{"v":1,"d":"1.0000"},{"v":84,"d":"84.00"},{"v":0,"d":"0.0000"},{"v":0,"d":"0.00"},{"v":0,"d":"0.0000"},{"v":0,"d":"0.00"},{"v":84,"d":"84.00"},{"v":1,"d":"1.0000"},{"v":84,"d":"84.00"}]
[null,"10536","унитаз детский ст оскол в комплекте","07010210342000244","4","шт",{"v":6990,"d":"6990.00"},{"v":3,"d":"3.0000"},{"v":20970,"d":"20970.00"},{"v":0,"d":"0.0000"},{"v":0,"d":"0.00"},{"v":0,"d":"0.0000"},{"v":0,"d":"0.00"},{"v":6990,"d":"6990.00"},{"v":3,"d":"3.0000"},{"v":20970,"d":"20970.00"}]
[null,"021","Утюг","07010210342000244","2","шт",{"v":629,"d":"629.00"},{"v":1,"d":"1.0000"},{"v":629,"d":"629.00"},{"v":0,"d":"0.0000"},{"v":0,"d":"0.00"},{"v":0,"d":"0.0000"},{"v":0,"d":"0.00"},{"v":629,"d":"629.00"},{"v":1,"d":"1.0000"},{"v":629,"d":"629.00"}]
[null,"10531","Фанендоскоп ","07010210342000244","4","шт",{"v":500,"d":"500.00"},{"v":1,"d":"1.0000"},{"v":500,"d":"500.00"},{"v":0,"d":"0.0000"},{"v":0,"d":"0.00"},{"v":0,"d":"0.0000"},{"v":0,"d":"0.00"},{"v":500,"d":"500.00"},{"v":1,"d":"1.0000"},{"v":500,"d":"500.00"}]
[null,"10535","Фартуки (передники) кухонные","07010210342000244","4","шт",{"v":35,"d":"35.00"},{"v":3,"d":"3.0000"},{"v":105,"d":"105.00"},{"v":0,"d":"0.0000"},{"v":0,"d":"0.00"},{"v":0,"d":"0.0000"},{"v":0,"d":"0.00"},{"v":35,"d":"35.00"},{"v":3,"d":"3.0000"},{"v":105,"d":"105.00"}]
[null,"021","Фильтр сетевой","07010210342000244","4","шт",{"v":250,"d":"250.00"},{"v":1,"d":"1.0000"},{"v":250,"d":"250.00"},{"v":0,"d":"0.0000"},{"v":0,"d":"0.00"},{"v":0,"d":"0.0000"},{"v":0,"d":"0.00"},{"v":250,"d":"250.00"},{"v":1,"d":"1.0000"},{"v":250,"d":"250.00"}]
[null,"021","флаг","07010210342000244","4","шт",{"v":390,"d":"390.00"},{"v":1,"d":"1.0000"},{"v":390,"d":"390.00"},{"v":0,"d":"0.0000"},{"v":0,"d":"0.00"},{"v":0,"d":"0.0000"},{"v":0,"d":"0.00"},{"v":390,"d":"390.00"},{"v":1,"d":"1.0000"},{"v":390,"d":"390.00"}]
[null,"021","Флаг РТ","070202202S0050244","4","шт",{"v":852,"d":"852.00"},{"v":1,"d":"1.0000"},{"v":852,"d":"852.00"},{"v":0,"d":"0.0000"},{"v":0,"d":"0.00"},{"v":0,"d":"0.0000"},{"v":0,"d":"0.00"},{"v":852,"d":"852.00"},{"v":1,"d":"1.0000"},{"v":852,"d":"852.00"}]
[null,"021","Флаг РФ","07020220242100244","4","шт",{"v":750,"d":"750.00"},{"v":1,"d":"1.0000"},{"v":750,"d":"750.00"},{"v":0,"d":"0.0000"},{"v":0,"d":"0.00"},{"v":0,"d":"0.0000"},{"v":0,"d":"0.00"},{"v":750,"d":"750.00"},{"v":1,"d":"1.0000"},{"v":750,"d":"750.00"}]
[null,"021","Флаг с логотипом 100 ТАССР","07010210125370244","4","шт",{"v":900,"d":"900.00"},{"v":1,"d":"1.0000"},{"v":900,"d":"900.00"},{"v":0,"d":"0.0000"},{"v":0,"d":"0.00"},{"v":0,"d":"0.0000"},{"v":0,"d":"0.00"},{"v":900,"d":"900.00"},{"v":1,"d":"1.0000"},{"v":900,"d":"900.00"}]
[null,"10535","Халаты белые","07010210342000244","4","шт",{"v":420,"d":"420.00"},{"v":8,"d":"8.0000"},{"v":3360,"d":"3360.00"},{"v":0,"d":"0.0000"},{"v":0,"d":"0.00"},{"v":0,"d":"0.0000"},{"v":0,"d":"0.00"},{"v":420,"d":"420.00"},{"v":8,"d":"8.0000"},{"v":3360,"d":"3360.00"}]
[null,"10536","Худож-анимац.издание(книга+диск) А.Алиш","07010210342000244","4","шт",{"v":400,"d":"400.00"},{"v":1,"d":"1.0000"},{"v":400,"d":"400.00"},{"v":0,"d":"0.0000"},{"v":0,"d":"0.00"},{"v":0,"d":"0.0000"},{"v":0,"d":"0.00"},{"v":400,"d":"400.00"},{"v":1,"d":"1.0000"},{"v":400,"d":"400.00"}]
[null,"10536","Худож-анимационное издание (книги","07010210342000244","4","шт",{"v":400,"d":"400.00"},{"v":1,"d":"1.0000"},{"v":400,"d":"400.00"},{"v":0,"d":"0.0000"},{"v":0,"d":"0.00"},{"v":0,"d":"0.0000"},{"v":0,"d":"0.00"},{"v":400,"d":"400.00"},{"v":1,"d":"1.0000"},{"v":400,"d":"400.00"}]
[null,"10536","Худож.издание(книга+диск) ","07010210342000244","4","шт",{"v":400,"d":"400.00"},{"v":1,"d":"1.0000"},{"v":400,"d":"400.00"},{"v":0,"d":"0.0000"},{"v":0,"d":"0.00"},{"v":0,"d":"0.0000"},{"v":0,"d":"0.00"},{"v":400,"d":"400.00"},{"v":1,"d":"1.0000"},{"v":400,"d":"400.00"}]
[null,"10536","Художественно-анимационное издание","07010210342000244","4","шт",{"v":400,"d":"400.00"},{"v":1,"d":"1.0000"},{"v":400,"d":"400.00"},{"v":0,"d":"0.0000"},{"v":0,"d":"0.00"},{"v":0,"d":"0.0000"},{"v":0,"d":"0.00"},{"v":400,"d":"400.00"},{"v":1,"d":"1.0000"},{"v":400,"d":"400.00"}]
[null,"10536","Художественно-анимационное издание (книга+диск)","07010210342000244","4","шт",{"v":400,"d":"400.00"},{"v":1,"d":"1.0000"},{"v":400,"d":"400.00"},{"v":0,"d":"0.0000"},{"v":0,"d":"0.00"},{"v":0,"d":"0.0000"},{"v":0,"d":"0.00"},{"v":400,"d":"400.00"},{"v":1,"d":"1.0000"},{"v":400,"d":"400.00"}]
[null,"10536","Чайник 3,5 л","07010210342000244","4","шт",{"v":336,"d":"336.00"},{"v":2,"d":"2.0000"},{"v":672,"d":"672.00"},{"v":0,"d":"0.0000"},{"v":0,"d":"0.00"},{"v":0,"d":"0.0000"},{"v":0,"d":"0.00"},{"v":336,"d":"336.00"},{"v":2,"d":"2.0000"},{"v":672,"d":"672.00"}]
[null,"10536","Чайник 3л","07010210342000244","4","шт",{"v":284,"d":"284.00"},{"v":1,"d":"1.0000"},{"v":284,"d":"284.00"},{"v":0,"d":"0.0000"},{"v":0,"d":"0.00"},{"v":0,"d":"0.0000"},{"v":0,"d":"0.00"},{"v":284,"d":"284.00"},{"v":1,"d":"1.0000"},{"v":284,"d":"284.00"}]
[null,"10536","Чайник 5л","07010210342000244","4","шт",{"v":350,"d":"350.00"},{"v":1,"d":"1.0000"},{"v":350,"d":"350.00"},{"v":0,"d":"0.0000"},{"v":0,"d":"0.00"},{"v":0,"d":"0.0000"},{"v":0,"d":"0.00"},{"v":350,"d":"350.00"},{"v":1,"d":"1.0000"},{"v":350,"d":"350.00"}]
[null,"10536","Чайник эм.","07010210342000244","4","шт",{"v":520,"d":"520.00"},{"v":2,"d":"2.0000"},{"v":1040,"d":"1040.00"},{"v":0,"d":"0.0000"},{"v":0,"d":"0.00"},{"v":0,"d":"0.0000"},{"v":0,"d":"0.00"},{"v":520,"d":"520.00"},{"v":2,"d":"2.0000"},{"v":1040,"d":"1040.00"}]
[null,"10536","Чайник эмал. 3,5л","070102103S0050244","4","шт",{"v":890,"d":"890.00"},{"v":2,"d":"2.0000"},{"v":1780,"d":"1780.00"},{"v":0,"d":"0.0000"},{"v":0,"d":"0.00"},{"v":0,"d":"0.0000"},{"v":0,"d":"0.00"},{"v":890,"d":"890.00"},{"v":2,"d":"2.0000"},{"v":1780,"d":"1780.00"}]
[null,"021","Часы б/у","07010210342000244","4","шт",{"v":50,"d":"50.00"},{"v":1,"d":"1.0000"},{"v":50,"d":"50.00"},{"v":0,"d":"0.0000"},{"v":0,"d":"0.00"},{"v":0,"d":"0.0000"},{"v":0,"d":"0.00"},{"v":50,"d":"50.00"},{"v":1,"d":"1.0000"},{"v":50,"d":"50.00"}]
[null,"021","Часы б/у","07010210342000244","4","шт",{"v":40,"d":"40.00"},{"v":1,"d":"1.0000"},{"v":40,"d":"40.00"},{"v":0,"d":"0.0000"},{"v":0,"d":"0.00"},{"v":0,"d":"0.0000"},{"v":0,"d":"0.00"},{"v":40,"d":"40.00"},{"v":1,"d":"1.0000"},{"v":40,"d":"40.00"}]
[null,"021","шахматная доска","07010210342000244","4","шт",{"v":100,"d":"100.00"},{"v":1,"d":"1.0000"},{"v":100,"d":"100.00"},{"v":0,"d":"0.0000"},{"v":0,"d":"0.00"},{"v":0,"d":"0.0000"},{"v":0,"d":"0.00"},{"v":100,"d":"100.00"},{"v":1,"d":"1.0000"},{"v":100,"d":"100.00"}]
[null,"021","Шведская стенка","07010210342000244","4","шт",33.33,{"v":3,"d":"3.0000"},{"v":100,"d":"100.00"},{"v":0,"d":"0.0000"},{"v":0,"d":"0.00"},{"v":0,"d":"0.0000"},{"v":0,"d":"0.00"},33.33,{"v":3,"d":"3.0000"},{"v":100,"d":"100.00"}]
[null,"021","Швейная машина б/у","07010210342000244","4","шт",{"v":200,"d":"200.00"},{"v":1,"d":"1.0000"},{"v":200,"d":"200.00"},{"v":0,"d":"0.0000"},{"v":0,"d":"0.00"},{"v":0,"d":"0.0000"},{"v":0,"d":"0.00"},{"v":200,"d":"200.00"},{"v":1,"d":"1.0000"},{"v":200,"d":"200.00"}]
[null,"10535","Ширма \"Кукольный театр\" б/у","07010210342000244","4","шт",{"v":50,"d":"50.00"},{"v":1,"d":"1.0000"},{"v":50,"d":"50.00"},{"v":0,"d":"0.0000"},{"v":0,"d":"0.00"},{"v":0,"d":"0.0000"},{"v":0,"d":"0.00"},{"v":50,"d":"50.00"},{"v":1,"d":"1.0000"},{"v":50,"d":"50.00"}]
[null,"021","шкаф","07010210342000244","4","шт",1625.98,{"v":5,"d":"5.0000"},8129.88,{"v":0,"d":"0.0000"},{"v":0,"d":"0.00"},{"v":0,"d":"0.0000"},{"v":0,"d":"0.00"},1625.98,{"v":5,"d":"5.0000"},8129.88]
[null,"021","шкаф 4х мест","07010210342000244","4","шт",{"v":222.9,"d":"222.90"},{"v":10,"d":"10.0000"},2229.04,{"v":0,"d":"0.0000"},{"v":0,"d":"0.00"},{"v":0,"d":"0.0000"},{"v":0,"d":"0.00"},{"v":222.9,"d":"222.90"},{"v":10,"d":"10.0000"},2229.04]
[null,"021","Шкаф для игрушек б/у","07010210342000244","4","шт",36.67,{"v":11,"d":"11.0000"},403.33,{"v":0,"d":"0.0000"},{"v":0,"d":"0.00"},{"v":0,"d":"0.0000"},{"v":0,"d":"0.00"},36.67,{"v":11,"d":"11.0000"},403.33]
[null,"021","шкаф книжн","07010210342000244","4","шт",{"v":800,"d":"800.00"},{"v":2,"d":"2.0000"},{"v":1600,"d":"1600.00"},{"v":0,"d":"0.0000"},{"v":0,"d":"0.00"},{"v":0,"d":"0.0000"},{"v":0,"d":"0.00"},{"v":800,"d":"800.00"},{"v":2,"d":"2.0000"},{"v":1600,"d":"1600.00"}]
[null,"021","шкаф плат","07010210342000244","4","шт",{"v":468.2,"d":"468.20"},{"v":1,"d":"1.0000"},{"v":468.2,"d":"468.20"},{"v":0,"d":"0.0000"},{"v":0,"d":"0.00"},{"v":0,"d":"0.0000"},{"v":0,"d":"0.00"},{"v":468.2,"d":"468.20"},{"v":1,"d":"1.0000"},{"v":468.2,"d":"468.20"}]
[null,"021","Шпатель мет","07010210342000244","4","шт",76.44,{"v":20,"d":"20.0000"},{"v":1528.8,"d":"1528.80"},{"v":0,"d":"0.0000"},{"v":0,"d":"0.00"},{"v":0,"d":"0.0000"},{"v":0,"d":"0.00"},76.44,{"v":20,"d":"20.0000"},{"v":1528.8,"d":"1528.80"}]
[null,"10535","Шторы","07010210342000244","4","шт",91.89,{"v":18,"d":"18.0000"},{"v":1654.1,"d":"1654.10"},{"v":0,"d":"0.0000"},{"v":0,"d":"0.00"},{"v":0,"d":"0.0000"},{"v":0,"d":"0.00"},91.89,{"v":18,"d":"18.0000"},{"v":1654.1,"d":"1654.10"}]
[null,"10535","Шторы в группе","07010210342000244","2","шт",{"v":260,"d":"260.00"},{"v":10,"d":"10.0000"},{"v":2600,"d":"2600.00"},{"v":0,"d":"0.0000"},{"v":0,"d":"0.00"},{"v":0,"d":"0.0000"},{"v":0,"d":"0.00"},{"v":260,"d":"260.00"},{"v":10,"d":"10.0000"},{"v":2600,"d":"2600.00"}]
[null,"10536","Шумовка поварская","07010210342000244","4","шт",{"v":166,"d":"166.00"},{"v":1,"d":"1.0000"},{"v":166,"d":"166.00"},{"v":0,"d":"0.0000"},{"v":0,"d":"0.00"},{"v":0,"d":"0.0000"},{"v":0,"d":"0.00"},{"v":166,"d":"166.00"},{"v":1,"d":"1.0000"},{"v":166,"d":"166.00"}]
[null,"10536","Шумовка с ЦМР","07010210342000244","4","шт",{"v":74,"d":"74.00"},{"v":1,"d":"1.0000"},{"v":74,"d":"74.00"},{"v":0,"d":"0.0000"},{"v":0,"d":"0.00"},{"v":0,"d":"0.0000"},{"v":0,"d":"0.00"},{"v":74,"d":"74.00"},{"v":1,"d":"1.0000"},{"v":74,"d":"74.00"}]
[null,"10534","эмаль белач пф 115 1,8кг","07026710010990244","4","шт",{"v":380,"d":"380.00"},{"v":7,"d":"7.0000"},{"v":2660,"d":"2660.00"},{"v":0,"d":"0.0000"},{"v":0,"d":"0.00"},{"v":0,"d":"0.0000"},{"v":0,"d":"0.00"},{"v":380,"d":"380.00"},{"v":7,"d":"7.0000"},{"v":2660,"d":"2660.00"}]
[null,"10534","эмаль пф-266 1,8кг желто-коричневая","07026710010990244","4","шт",{"v":375,"d":"375.00"},{"v":6,"d":"6.0000"},{"v":2250,"d":"2250.00"},{"v":0,"d":"0.0000"},{"v":0,"d":"0.00"},{"v":0,"d":"0.0000"},{"v":0,"d":"0.00"},{"v":375,"d":"375.00"},{"v":6,"d":"6.0000"},{"v":2250,"d":"2250.00"}]
["Бабаева Розалина Рамисовна (1)",{"$nulls":6},{"v":1,"d":"1.0000"},{"v":20394,"d":"20394.00"},{"v":0,"d":"0.0000"},{"v":0,"d":"0.00"},{"v":0,"d":"0.0000"},{"v":0,"d":"0.00"},null,{"v":1,"d":"1.0000"},{"v":20394,"d":"20394.00"}]
["Байкина Г Ф (1)",{"$nulls":6},{"v":2,"d":"2.0000"},{"v":36394,"d":"36394.00"},{"v":0,"d":"0.0000"},{"v":0,"d":"0.00"},{"v":0,"d":"0.0000"},{"v":0,"d":"0.00"},null,{"v":2,"d":"2.0000"},{"v":36394,"d":"36394.00"}]
["Булатова Светлана Рафкатовна (43)",{"$nulls":6},{"v":248,"d":"248.0000"},{"v":290875.9,"d":"290875.90"},{"v":0,"d":"0.0000"},{"v":0,"d":"0.00"},{"v":0,"d":"0.0000"},{"v":0,"d":"0.00"},null,{"v":248,"d":"248.0000"},{"v":290875.9,"d":"290875.90"}]
["ГАВРИЛОВА О И (1)",{"$nulls":6},{"v":1,"d":"1.0000"},{"v":20394,"d":"20394.00"},{"v":0,"d":"0.0000"},{"v":0,"d":"0.00"},{"v":0,"d":"0.0000"},{"v":0,"d":"0.00"},null,{"v":1,"d":"1.0000"},{"v":20394,"d":"20394.00"}]
["Галимуллина Эндже Рамилевна (25)",{"$nulls":6},{"v":570.7,"d":"570.7000"},58662.17,{"v":0,"d":"0.0000"},{"v":0,"d":"0.00"},{"v":0,"d":"0.0000"},{"v":0,"d":"0.00"},null,{"v":570.7,"d":"570.7000"},58662.17]
["Гараева Ольга Федоровна (20)",{"$nulls":6},{"v":49,"d":"49.0000"},693629.56,{"v":0,"d":"0.0000"},{"v":0,"d":"0.00"},{"v":0,"d":"0.0000"},{"v":0,"d":"0.00"},null,{"v":49,"d":"49.0000"},693629.56]
["Гарифуллина Альфинур Завдятовна (1)",{"$nulls":6},{"v":1,"d":"1.0000"},{"v":20188,"d":"20188.00"},{"v":0,"d":"0.0000"},{"v":0,"d":"0.00"},{"v":0,"d":"0.0000"},{"v":0,"d":"0.00"},null,{"v":1,"d":"1.0000"},{"v":20188,"d":"20188.00"}]
["Гаянова Раушания Ильдусовна (276)",{"$nulls":6},{"v":7540,"d":"7540.0000"},9814815.46,{"v":0,"d":"0.0000"},{"v":0,"d":"0.00"},{"v":0,"d":"0.0000"},{"v":0,"d":"0.00"},null,{"v":7540,"d":"7540.0000"},9814815.46]
["Гибадуллина Лилия Расимовна (1)",{"$nulls":6},{"v":1,"d":"1.0000"},{"v":20394,"d":"20394.00"},{"v":0,"d":"0.0000"},{"v":0,"d":"0.00"},{"v":0,"d":"0.0000"},{"v":0,"d":"0.00"},null,{"v":1,"d":"1.0000"},{"v":20394,"d":"20394.00"}]
["Зарипова Миляуша Фандасовна (1)",{"$nulls":6},{"v":1,"d":"1.0000"},{"v":20188,"d":"20188.00"},{"v":0,"d":"0.0000"},{"v":0,"d":"0.00"},{"v":0,"d":"0.0000"},{"v":0,"d":"0.00"},null,{"v":1,"d":"1.0000"},{"v":20188,"d":"20188.00"}]
["Зиятдинова Л.Р. (1)",{"$nulls":6},{"v":1,"d":"1.0000"},{"v":16000,"d":"16000.00"},{"v":0,"d":"0.0000"},{"v":0,"d":"0.00"},{"v":0,"d":"0.0000"},{"v":0,"d":"0.00"},null,{"v":1,"d":"1.0000"},{"v":16000,"d":"16000.00"}]
["Имайкина Рушания Фанисовна (1)",{"$nulls":6},{"v":1,"d":"1.0000"},{"v":20394,"d":"20394.00"},{"v":0,"d":"0.0000"},{"v":0,"d":"0.00"},{"v":0,"d":"0.0000"},{"v":0,"d":"0.00"},null,{"v":1,"d":"1.0000"},{"v":20394,"d":"20394.00"}]
["Кашапова Н С (1)",{"$nulls":6},{"v":1,"d":"1.0000"},{"v":20394,"d":"20394.00"},{"v":0,"d":"0.0000"},{"v":0,"d":"0.00"},{"v":0,"d":"0.0000"},{"v":0,"d":"0.00"},null,{"v":1,"d":"1.0000"},{"v":20394,"d":"20394.00"}]
["Курбиева Г Ш (1)",{"$nulls":6},{"v":2,"d":"2.0000"},{"v":36188,"d":"36188.00"},{"v":0,"d":"0.0000"},{"v":0,"d":"0.00"},{"v":0,"d":"0.0000"},{"v":0,"d":"0.00"},null,{"v":2,"d":"2.0000"},{"v":36188,"d":"36188.00"}]
["Муллаянов Ильшат Наилевич (1)",{"$nulls":6},{"v":1,"d":"1.0000"},{"v":20188,"d":"20188.00"},{"v":0,"d":"0.0000"},{"v":0,"d":"0.00"},{"v":0,"d":"0.0000"},{"v":0,"d":"0.00"},null,{"v":1,"d":"1.0000"},{"v":20188,"d":"20188.00"}]
["Мухтарова Регина Ильгизовна (1)",{"$nulls":6},{"v":1,"d":"1.0000"},{"v":20188,"d":"20188.00"},{"v":0,"d":"0.0000"},{"v":0,"d":"0.00"},{"v":0,"d":"0.0000"},{"v":0,"d":"0.00"},null,{"v":1,"d":"1.0000"},{"v":20188,"d":"20188.00"}]
["Ризванова  В. . (1)",{"$nulls":6},{"v":1,"d":"1.0000"},{"v":16000,"d":"16000.00"},{"v":0,"d":"0.0000"},{"v":0,"d":"0.00"},{"v":0,"d":"0.0000"},{"v":0,"d":"0.00"},null,{"v":1,"d":"1.0000"},{"v":16000,"d":"16000.00"}]
["Сабирова Альфинур Гамировна (1)",{"$nulls":6},{"v":1,"d":"1.0000"},{"v":20188,"d":"20188.00"},{"v":0,"d":"0.0000"},{"v":0,"d":"0.00"},{"v":0,"d":"0.0000"},{"v":0,"d":"0.00"},null,{"v":1,"d":"1.0000"},{"v":20188,"d":"20188.00"}]
["Сагутдинова Р А (1)",{"$nulls":6},{"v":1,"d":"1.0000"},{"v":20188,"d":"20188.00"},{"v":0,"d":"0.0000"},{"v":0,"d":"0.00"},{"v":0,"d":"0.0000"},{"v":0,"d":"0.00"},null,{"v":1,"d":"1.0000"},{"v":20188,"d":"20188.00"}]
["Семина Л Р (1)",{"$nulls":6},{"v":2,"d":"2.0000"},{"v":36188,"d":"36188.00"},{"v":0,"d":"0.0000"},{"v":0,"d":"0.00"},{"v":0,"d":"0.0000"},{"v":0,"d":"0.00"},null,{"v":2,"d":"2.0000"},{"v":36188,"d":"36188.00"}]
["Сулейманова Ильгиза Г. (1)",{"$nulls":6},{"v":1,"d":"1.0000"},{"v":20394,"d":"20394.00"},{"v":0,"d":"0.0000"},{"v":0,"d":"0.00"},{"v":0,"d":"0.0000"},{"v":0,"d":"0.00"},null,{"v":1,"d":"1.0000"},{"v":20394,"d":"20394.00"}]
["ТИНБАКОВА РИММА ВАРИСОВНА (1)",{"$nulls":6},{"v":1,"d":"1.0000"},{"v":20394,"d":"20394.00"},{"v":0,"d":"0.0000"},{"v":0,"d":"0.00"},{"v":0,"d":"0.0000"},{"v":0,"d":"0.00"},null,{"v":1,"d":"1.0000"},{"v":20394,"d":"20394.00"}]
["Тухбатуллина  Чулпан Анасовна (22)",{"$nulls":6},{"v":35,"d":"35.0000"},17434.44,{"v":0,"d":"0.0000"},{"v":0,"d":"0.00"},{"v":0,"d":"0.0000"},{"v":0,"d":"0.00"},null,{"v":35,"d":"35.0000"},17434.44]
["Усманова Гузель Гумеровна (1)",{"$nulls":6},{"v":1,"d":"1.0000"},{"v":20394,"d":"20394.00"},{"v":0,"d":"0.0000"},{"v":0,"d":"0.00"},{"v":0,"d":"0.0000"},{"v":0,"d":"0.00"},null,{"v":1,"d":"1.0000"},{"v":20394,"d":"20394.00"}]
["Фаттахов Д М (1)",{"$nulls":6},{"v":2,"d":"2.0000"},{"v":40582,"d":"40582.00"},{"v":0,"d":"0.0000"},{"v":0,"d":"0.00"},{"v":0,"d":"0.0000"},{"v":0,"d":"0.00"},null,{"v":2,"d":"2.0000"},{"v":40582,"d":"40582.00"}]
["Фаттахова А.М. (1)",{"$nulls":6},{"v":1,"d":"1.0000"},{"v":20188,"d":"20188.00"},{"v":0,"d":"0.0000"},{"v":0,"d":"0.00"},{"v":0,"d":"0.0000"},{"v":0,"d":"0.00"},null,{"v":1,"d":"1.0000"},{"v":20188,"d":"20188.00"}]
["Фахртдинова Р А (1)",{"$nulls":6},{"v":1,"d":"1.0000"},{"v":20394,"d":"20394.00"},{"v":0,"d":"0.0000"},{"v":0,"d":"0.00"},{"v":0,"d":"0.0000"},{"v":0,"d":"0.00"},null,{"v":1,"d":"1.0000"},{"v":20394,"d":"20394.00"}]
["Шарипова Зиля Тагировна (1)",{"$nulls":6},{"v":1,"d":"1.0000"},{"v":20394,"d":"20394.00"},{"v":0,"d":"0.0000"},{"v":0,"d":"0.00"},{"v":0,"d":"0.0000"},{"v":0,"d":"0.00"},null,{"v":1,"d":"1.0000"},{"v":20394,"d":"20394.00"}]
["Шутраева Гульнара Рифовна (1)",{"$nulls":6},{"v":1,"d":"1.0000"},{"v":20394,"d":"20394.00"},{"v":0,"d":"0.0000"},{"v":0,"d":"0.00"},{"v":0,"d":"0.0000"},{"v":0,"d":"0.00"},null,{"v":1,"d":"1.0000"},{"v":20394,"d":"20394.00"}]
[{"$nulls":7},{"v":1153919,"d":"1153919.0000"},18400385.83,{"v":0,"d":"0.0000"},{"v":0,"d":"0.00"},{"v":0,"d":"0.0000"},{"v":0,"d":"0.00"},null,{"v":1153919,"d":"1153919.0000"},18400385.83]